{"text_format":"3","workbook":"xlsx","n_sheets":6,"sheets":["PLANILHA ORCAMENTARIA","RESUMO","COMPOSICOES","CRONOGRAMA","BDI","ENCARGOS SOCIAIS"],"not_rendered":{"images":7,"defined_names":6},"read":"whole","date_system":"1900"}

{"sheet":"PLANILHA ORCAMENTARIA","index":0,"n_rows":73,"n_cols":10,"rows_kept":73,"merged":[[0,0,0,9],[1,0,2,0],[1,1,2,1],[1,2,2,2],[1,3,2,3],[1,4,2,4],[1,5,2,5],[1,6,1,7],[1,8,1,9],[3,1,3,7],[4,1,4,7],[6,1,6,7],[11,1,11,7],[16,1,16,7],[22,1,22,7],[26,1,26,7],[27,1,27,7],[33,1,33,7],[37,1,37,7],[43,1,43,7],[47,1,47,7],[50,1,50,7],[56,1,56,7],[60,1,60,7],[62,1,62,7],[64,1,64,7],[69,7,69,8],[70,7,70,8],[71,7,71,8],[72,7,72,8]]}
[]
["ITEM","CÓDIGO","DESCRIÇÃO","FONTE","UNID","QUANTIDADE","PREÇO UNITÁRIO R$",null,"PREÇO TOTAL R$"]
[{"$nulls":6},"SEM BDI","COM BDI","SEM BDI","COM BDI"]
["1","AREA EXTERNA",{"$nulls":6},{"v":65631.27,"d":"65,631.27"},{"v":80326.27,"d":"80,326.27"}]
["1.1","DEMOLIÇOES E RETIRADAS",{"$nulls":6},{"v":544.5,"d":"544.50"},666.05]
["1.1.1","S00021","Demolição de meio-fio granítico ou pre-moldado","ORSE","m",{"v":55,"d":"55.00"},{"v":9.9,"d":"9.90"},12.11,{"v":544.5,"d":"544.50"},666.05]
["1.2","MURO EXTERNO",{"$nulls":6},{"v":7701.5,"d":"7,701.50"},{"v":9425.98,"d":"9,425.98"}]
["1.2.1","103329","ALVENARIA DE VEDAÇÃO DE BLOCOS CERÂMICOS FURADOS NA HORIZONTAL DE 9X19X19 CM (ESPESSURA 9 CM) E ARGAMASSA DE ASSENTAMENTO COM PREPARO MANUAL. AF_12/2021","SINAPI","M2",34.68,80.51,98.54,{"v":2792.08,"d":"2,792.08"},{"v":3417.36,"d":"3,417.36"}]
["1.2.2","87904","CHAPISCO APLICADO EM ALVENARIA (COM PRESENÇA DE VÃOS) E ESTRUTURAS DE CONCRETO DE FACHADA, COM COLHER DE PEDREIRO.  ARGAMASSA TRAÇO 1:3 COM PREPARO MANUAL. AF_10/2022","SINAPI","M2",69.36,7.51,9.19,520.89,637.41]
["1.2.3","87530","MASSA ÚNICA, PARA RECEBIMENTO DE PINTURA, EM ARGAMASSA TRAÇO 1:2:8, PREPARO MANUAL, APLICADA MANUALMENTE EM FACES INTERNAS DE PAREDES, ESPESSURA DE 20MM, COM EXECUÇÃO DE TALISCAS. AF_06/2014","SINAPI","M2",69.36,39.04,47.78,{"v":2707.81,"d":"2,707.81"},{"v":3314.02,"d":"3,314.02"}]
["1.2.4","040084 SBC","PILAR CONCRETO 20x20cm PARA ESTRUTURA COM ACO/FORMAS","Composições Próprias","m",{"v":9.4,"d":"9.40"},{"v":178.8,"d":"178.80"},218.85,{"v":1680.72,"d":"1,680.72"},{"v":2057.19,"d":"2,057.19"}]
["1.3","PINTURAS",{"$nulls":6},{"v":5352.36,"d":"5,352.36"},{"v":6549.63,"d":"6,549.63"}]
["1.3.1","102507","PINTURA DE DEMARCAÇÃO DE VAGA COM TINTA EPÓXI, E = 10 CM, APLICAÇÃO MANUAL. AF_05/2021","SINAPI","M",{"v":50,"d":"50.00"},5.25,6.42,{"v":262.5,"d":"262.50"},{"v":321,"d":"321.00"}]
["1.3.2","88485","FUNDO SELADOR ACRÍLICO, APLICAÇÃO MANUAL EM PAREDE, UMA DEMÃO. AF_04/2023","SINAPI","M2",115.26,3.72,4.55,428.76,524.43]
["1.3.3","96135","APLICAÇÃO MANUAL DE MASSA ACRÍLICA EM PAREDES EXTERNAS DE CASAS, DUAS DEMÃOS. AF_05/2017","SINAPI","M2",115.26,25.45,31.15,{"v":2933.36,"d":"2,933.36"},{"v":3590.34,"d":"3,590.34"}]
["1.3.4","95626","APLICAÇÃO MANUAL DE TINTA LÁTEX ACRÍLICA EM PAREDE EXTERNAS DE CASAS, DUAS DEMÃOS. AF_11/2016","SINAPI","M2",115.26,14.99,18.34,{"v":1727.74,"d":"1,727.74"},{"v":2113.86,"d":"2,113.86"}]
["1.4","PAVIMENTAÇOES",{"$nulls":6},{"v":27015.49,"d":"27,015.49"},{"v":33064.12,"d":"33,064.12"}]
["1.4.1","92396","EXECUÇÃO DE PASSEIO EM PISO INTERTRAVADO, COM BLOCO RETANGULAR COR NATURAL DE 20 X 10 CM, ESPESSURA 6 CM. AF_10/2022","SINAPI","M2",63.78,58.98,72.19,{"v":3761.74,"d":"3,761.74"},{"v":4604.27,"d":"4,604.27"}]
["1.4.2","101865","REASSENTAMENTO DE BLOCOS RETANGULAR PARA PISO INTERTRAVADO, ESPESSURA DE 10 CM, EM VIA/ESTACIONAMENTO, COM REAPROVEITAMENTO DOS BLOCOS RETANGULAR - INCLUSO RETIRADA E COLOCAÇÃO DO MATERIAL. AF_12/2020","SINAPI","M2",72.02,35.55,43.51,{"v":2560.31,"d":"2,560.31"},{"v":3133.59,"d":"3,133.59"}]
["1.4.3","RT-26","EXECUÇÃO DE PAVIMENTO EM PARALELEPÍPEDOS, REJUNTAMENTOCOM ARGAMASSA TRAÇO 1:3 (CIMENTO E AREIA). AF_05/2020 ADAPTADODO SINAPI (101169) -","Composições Próprias","m2",153.47,68.48,83.81,{"v":10509.62,"d":"10,509.62"},{"v":12862.32,"d":"12,862.32"}]
["1.4.4","94275","ASSENTAMENTO DE GUIA (MEIO-FIO) EM TRECHO RETO, CONFECCIONADA EM CONCRETO PRÉ-FABRICADO, DIMENSÕES 100X15X13X20 CM (COMPRIMENTO X BASE INFERIOR X BASE SUPERIOR X ALTURA), PARA URBANIZAÇÃO INTERNA DE EMPREENDIMENTOS. AF_06/2016","SINAPI","M",{"v":72,"d":"72.00"},42.24,{"v":51.7,"d":"51.70"},{"v":3041.28,"d":"3,041.28"},{"v":3722.4,"d":"3,722.40"}]
["1.4.5","RT-28","REASSENTAMENTO DE PARALELEPÍPEDOS, REJUNTAMENTO COMARGAMASSA, COM REAPROVEITAMENTO DOS PARALELEPÍPEDOS -INCLUSO RETIRADA E COLOCAÇÃO DO MATERIAL. AF_12/2020ADAPTADO DO SINAPI (101852","Composições Próprias","m2",129.16,{"v":55.3,"d":"55.30"},67.68,{"v":7142.54,"d":"7,142.54"},{"v":8741.54,"d":"8,741.54"}]
["1.5","DIVERSOS",{"$nulls":6},{"v":25017.42,"d":"25,017.42"},{"v":30620.49,"d":"30,620.49"}]
["1.5.1","103946","PLANTIO DE GRAMA ESMERALDA OU SÃO CARLOS OU CURITIBANA, EM PLACAS. AF_05/2022","SINAPI","M2",{"v":85.8,"d":"85.80"},20.16,24.67,{"v":1729.72,"d":"1,729.72"},{"v":2116.68,"d":"2,116.68"}]
["1.5.2","99861","GRADIL EM FERRO FIXADO EM VÃOS DE JANELAS, FORMADO POR BARRAS CHATAS DE 25X4,8 MM. AF_04/2019","SINAPI","M2",32.24,561.42,687.17,{"v":18100.18,"d":"18,100.18"},{"v":22154.36,"d":"22,154.36"}]
["1.5.3","99861","GRADIL EM FERRO FIXADO EM VÃOS DE JANELAS, FORMADO POR BARRAS CHATAS DE 25X4,8 MM. AF_04/2019","SINAPI","M2",9.24,561.42,687.17,{"v":5187.52,"d":"5,187.52"},{"v":6349.45,"d":"6,349.45"}]
["2","SALA NOVA",{"$nulls":6},{"v":17792.37,"d":"17,792.37"},{"v":21775.8,"d":"21,775.80"}]
["2.1","DEMOLIÇOES E RETIRADAS",{"$nulls":6},890.67,{"v":1090.14,"d":"1,090.14"}]
["2.1.1","97622","DEMOLIÇÃO DE ALVENARIA DE BLOCO FURADO, DE FORMA MANUAL, SEM REAPROVEITAMENTO. AF_09/2023","SINAPI","M3",1.89,50.91,62.31,96.21,117.76]
["2.1.2","97645","REMOÇÃO DE JANELAS, DE FORMA MANUAL, SEM REAPROVEITAMENTO. AF_09/2023","SINAPI","M2",1.08,22.11,27.06,23.87,29.22]
["2.1.3","104789","DEMOLIÇÃO DE PISO DE CONCRETO SIMPLES, DE FORMA MANUAL, SEM REAPROVEITAMENTO. AF_09/2023","SINAPI","M3",1.41,179.17,{"v":219.3,"d":"219.30"},252.62,309.21]
["2.1.4","93358","ESCAVAÇÃO MANUAL DE VALA COM PROFUNDIDADE MENOR OU IGUAL A 1,30 M. AF_02/2021","SINAPI","M3",1.25,76.23,{"v":93.3,"d":"93.30"},95.28,116.62]
["2.1.5","99059","LOCACAO CONVENCIONAL DE OBRA, UTILIZANDO GABARITO DE TÁBUAS CORRIDAS PONTALETADAS A CADA 2,00M -  2 UTILIZAÇÕES. AF_10/2018","SINAPI","M",7.92,53.37,65.32,422.69,517.33]
["2.2","FUNDAÇÃO ESTRUTURA E ALVENARIAS",{"$nulls":6},{"v":3021.37,"d":"3,021.37"},{"v":3697.91,"d":"3,697.91"}]
["2.2.1","103800","PEDRA ARGAMASSADA COM CIMENTO E AREIA 1:3, 40% DE ARGAMASSA EM VOLUME - AREIA E PEDRA DE MÃO COMERCIAIS - FORNECIMENTO E ASSENTAMENTO. AF_08/2022","SINAPI","M3",1.25,459.29,562.17,574.11,702.71]
["2.2.2","93205","CINTA DE AMARRAÇÃO DE ALVENARIA MOLDADA IN LOCO COM UTILIZAÇÃO DE BLOCOS CANALETA. AF_03/2016","SINAPI","M",15.64,35.71,{"v":43.7,"d":"43.70"},{"v":558.5,"d":"558.50"},683.46]
["2.2.3","103329","ALVENARIA DE VEDAÇÃO DE BLOCOS CERÂMICOS FURADOS NA HORIZONTAL DE 9X19X19 CM (ESPESSURA 9 CM) E ARGAMASSA DE ASSENTAMENTO COM PREPARO MANUAL. AF_12/2021","SINAPI","M2",23.46,80.51,98.54,{"v":1888.76,"d":"1,888.76"},{"v":2311.74,"d":"2,311.74"}]
["2.3","COBERTURA",{"$nulls":6},{"v":1913.5,"d":"1,913.50"},{"v":2341.99,"d":"2,341.99"}]
["2.3.1","92544","TRAMA DE MADEIRA COMPOSTA POR TERÇAS PARA TELHADOS DE ATÉ 2 ÁGUAS PARA TELHA ESTRUTURAL DE FIBROCIMENTO, INCLUSO TRANSPORTE VERTICAL. AF_07/2019","SINAPI","M2",{"v":14.1,"d":"14.10"},14.69,17.98,207.12,253.51]
["2.3.2","94210","TELHAMENTO COM TELHA ONDULADA DE FIBROCIMENTO E = 6 MM, COM RECOBRIMENTO LATERAL DE 1 1/4 DE ONDA PARA TELHADO COM INCLINAÇÃO MÁXIMA DE 10°, COM ATÉ 2 ÁGUAS, INCLUSO IÇAMENTO. AF_07/2019","SINAPI","M2",{"v":14.1,"d":"14.10"},57.33,70.17,808.35,989.39]
["2.3.3","S00304","Rufo de concreto armado fck=20mpa l=30cm e h=5cm","ORSE","m",10.64,37.21,45.54,395.91,484.54]
["2.3.4","94228","CALHA EM CHAPA DE AÇO GALVANIZADO NÚMERO 24, DESENVOLVIMENTO DE 50 CM, INCLUSO TRANSPORTE VERTICAL. AF_07/2019","SINAPI","M",{"v":5,"d":"5.00"},83.11,101.72,415.55,{"v":508.6,"d":"508.60"}]
["2.3.5","S12841","Manta de polietileno expandido, com 1 face metalizada para subcobertura,  e = *5* mm","ORSE","m2",{"v":2.5,"d":"2.50"},34.63,42.38,86.57,105.95]
["2.4","PISO",{"$nulls":6},{"v":4905.4,"d":"4,905.40"},{"v":6004.1,"d":"6,004.10"}]
["2.4.1","100323","LASTRO COM MATERIAL GRANULAR (AREIA MÉDIA), APLICADO EM PISOS OU LAJES SOBRE SOLO, ESPESSURA DE *10 CM*. AF_07/2019","SINAPI","M3",0.71,157.12,192.31,111.55,136.54]
["2.4.2","90944","CONTRAPISO ACÚSTICO EM ARGAMASSA PRONTA, PREPARO MANUAL, APLICADO EM ÁREAS SECA, ACABAMENTO NÃO REFORÇADO, ESPESSURA 6CM. AF_07/2021","SINAPI","M2",{"v":14.1,"d":"14.10"},{"v":178.4,"d":"178.40"},218.36,{"v":2515.44,"d":"2,515.44"},{"v":3078.87,"d":"3,078.87"}]
["2.4.3","87263","REVESTIMENTO CERÂMICO PARA PISO COM PLACAS TIPO PORCELANATO DE DIMENSÕES 60X60 CM APLICADA EM AMBIENTES DE ÁREA MAIOR QUE 10 M². AF_02/2023_PE","SINAPI","M2",{"v":14.1,"d":"14.10"},161.59,197.78,{"v":2278.41,"d":"2,278.41"},{"v":2788.69,"d":"2,788.69"}]
["2.5","REVESTIMENTO",{"$nulls":6},{"v":2136.26,"d":"2,136.26"},{"v":2614.37,"d":"2,614.37"}]
["2.5.1","87893","CHAPISCO APLICADO EM ALVENARIA (SEM PRESENÇA DE VÃOS) E ESTRUTURAS DE CONCRETO DE FACHADA, COM COLHER DE PEDREIRO.  ARGAMASSA TRAÇO 1:3 COM PREPARO MANUAL. AF_10/2022","SINAPI","M2",46.92,6.49,7.94,304.51,372.54]
["2.5.2","87530","MASSA ÚNICA, PARA RECEBIMENTO DE PINTURA, EM ARGAMASSA TRAÇO 1:2:8, PREPARO MANUAL, APLICADA MANUALMENTE EM FACES INTERNAS DE PAREDES, ESPESSURA DE 20MM, COM EXECUÇÃO DE TALISCAS. AF_06/2014","SINAPI","M2",46.92,39.04,47.78,{"v":1831.75,"d":"1,831.75"},{"v":2241.83,"d":"2,241.83"}]
["2.6","EMASSAMENTO E PINTURA",{"$nulls":6},{"v":2037.71,"d":"2,037.71"},{"v":2493.29,"d":"2,493.29"}]
["2.6.1","88485","FUNDO SELADOR ACRÍLICO, APLICAÇÃO MANUAL EM PAREDE, UMA DEMÃO. AF_04/2023","SINAPI","M2",46.92,3.72,4.55,174.54,213.48]
["2.6.2","88497","EMASSAMENTO COM MASSA LÁTEX, APLICAÇÃO EM PAREDE, DUAS DEMÃOS, LIXAMENTO MANUAL. AF_04/2023","SINAPI","M2",23.46,15.44,18.89,362.22,443.15]
["2.6.3","88487","APLICAÇÃO MANUAL DE PINTURA COM TINTA LÁTEX PVA EM PAREDES, DUAS DEMÃOS. AF_06/2014","SINAPI","M2",46.92,11.77,{"v":14.4,"d":"14.40"},552.24,675.64]
["2.6.4","95626","APLICAÇÃO MANUAL DE TINTA LÁTEX ACRÍLICA EM PAREDE EXTERNAS DE CASAS, DUAS DEMÃOS. AF_11/2016","SINAPI","M2",23.46,14.99,18.34,351.66,430.25]
["2.6.5","96135","APLICAÇÃO MANUAL DE MASSA ACRÍLICA EM PAREDES EXTERNAS DE CASAS, DUAS DEMÃOS. AF_05/2017","SINAPI","M2",23.46,25.45,31.15,597.05,730.77]
["2.7","INSTALAÇOES ELETRICAS",{"$nulls":6},402.73,{"v":492.9,"d":"492.90"}]
["2.7.1","91981","INTERRUPTOR BIPOLAR (1 MÓDULO), 10A/250V, INCLUINDO SUPORTE E PLACA - FORNECIMENTO E INSTALAÇÃO. AF_03/2023","SINAPI","UN",{"v":1,"d":"1.00"},43.55,{"v":53.3,"d":"53.30"},43.55,{"v":53.3,"d":"53.30"}]
["2.7.2","91990","TOMADA ALTA DE EMBUTIR (1 MÓDULO), 2P+T 10 A, SEM SUPORTE E SEM PLACA - FORNECIMENTO E INSTALAÇÃO. AF_03/2023","SINAPI","UN",{"v":2,"d":"2.00"},29.95,36.65,{"v":59.9,"d":"59.90"},{"v":73.3,"d":"73.30"}]
["2.7.3","97593","LUMINÁRIA TIPO SPOT, DE SOBREPOR, COM 1 LÂMPADA FLUORESCENTE DE 15 W, SEM REATOR - FORNECIMENTO E INSTALAÇÃO. AF_02/2020","SINAPI","UN",{"v":2,"d":"2.00"},149.64,183.15,299.28,{"v":366.3,"d":"366.30"}]
["2.8","ESQUADRIAS",{"$nulls":6},{"v":999.2,"d":"999.20"},{"v":1223.02,"d":"1,223.02"}]
["2.8.1","100689","KIT DE PORTA DE MADEIRA FRISADA, SEMI-OCA (LEVE OU MÉDIA), PADRÃO MÉDIO, 80X210CM, ESPESSURA DE 3,5CM, ITENS INCLUSOS: DOBRADIÇAS, MONTAGEM E INSTALAÇÃO DE BATENTE, FECHADURA COM EXECUÇÃO DO FURO - FORNECIMENTO E INSTALAÇÃO. AF_12/2019","SINAPI","UN",{"v":1,"d":"1.00"},{"v":999.2,"d":"999.20"},{"v":1223.02,"d":"1,223.02"},{"v":999.2,"d":"999.20"},{"v":1223.02,"d":"1,223.02"}]
["2.9","FORRO",{"$nulls":6},{"v":1485.53,"d":"1,485.53"},{"v":1818.08,"d":"1,818.08"}]
["2.9.1","96486","FORRO EM RÉGUAS DE PVC, LISO, PARA AMBIENTES COMERCIAIS, INCLUSIVE ESTRUTURA BIDIRECIONAL DE FIXAÇÃO. AF_08/2023_PS","SINAPI","M2",25.98,57.18,69.98,{"v":1485.53,"d":"1,485.53"},{"v":1818.08,"d":"1,818.08"}]
["3","REVISÃO DE COBERTA",{"$nulls":6},{"v":10624.11,"d":"10,624.11"},{"v":13001.58,"d":"13,001.58"}]
["3.1","RT-25","Revisão em cobertura com telha de fibrocimento ondulada 6mm ADAPTADOORSE (265)","Composições Próprias","m2",191.39,32.14,39.33,{"v":6151.27,"d":"6,151.27"},{"v":7527.36,"d":"7,527.36"}]
["3.2","S09434","Rufo em chapa aço galvanizado nº24 com desenvolvimento 25cm","ORSE","m",64.26,32.56,39.85,{"v":2092.3,"d":"2,092.30"},{"v":2560.76,"d":"2,560.76"}]
["3.3","S12841","Manta de polietileno expandido, com 1 face metalizada para subcobertura,  e = *5* mm","ORSE","m2",22.13,34.63,42.38,766.36,937.86]
["3.4","S08637","Chapim de concreto pré-moldado","ORSE","m",32.59,49.53,60.62,{"v":1614.18,"d":"1,614.18"},{"v":1975.6,"d":"1,975.60"}]
[{"$nulls":7},"VALOR BDI TOTAL:",null,{"v":21055.9,"d":"21,055.90"}]
[{"$nulls":7},"VALOR BDI:",null,{"v":21055.9,"d":"21,055.90"}]
[{"$nulls":7},"VALOR ORÇAMENTO:",null,{"v":94047.75,"d":"94,047.75"}]
[{"$nulls":7},"VALOR TOTAL:",null,{"v":115103.65,"d":"115,103.65"}]

{"sheet":"RESUMO","index":1,"n_rows":10,"n_cols":5,"rows_kept":10,"merged":[[0,0,2,4],[3,1,3,2],[4,1,4,2],[5,1,5,2]]}
[]
[]
[]
["1","AREA EXTERNA",null,{"v":80326.27,"d":"80,326.27"},{"v":69.78603198074084,"d":"69.79"}]
["2","SALA NOVA",null,{"v":21775.8,"d":"21,775.80"},{"v":18.91842700036011,"d":"18.92"}]
["3","REVISÃO DE COBERTA",null,{"v":13001.58,"d":"13,001.58"},{"v":11.295541018899053,"d":"11.30"}]
[null,null,"VALOR BDI TOTAL:",{"v":21055.9,"d":"21,055.90"},{"v":100.00000000000001,"d":"100.00"}]
[null,null,"VALOR BDI:",{"v":21055.9,"d":"21,055.90"}]
[null,null,"VALOR ORÇAMENTO:",{"v":94047.75,"d":"94,047.75"}]
[null,null,"VALOR TOTAL:",{"v":115103.65,"d":"115,103.65"}]

{"sheet":"COMPOSICOES","index":2,"n_rows":773,"n_cols":7,"rows_kept":773,"merged":[[0,0,0,6],[1,2,1,3],[2,0,2,6],[3,0,3,1],[6,4,6,5],[7,0,7,1],[10,4,10,5],[11,4,11,5],[12,4,12,5],[13,4,13,5],[14,4,14,5],[15,2,15,3],[16,0,16,6],[17,0,17,1],[21,4,21,5],[22,0,22,1],[25,4,25,5],[26,0,26,1],[28,4,28,5],[29,4,29,5],[30,4,30,5],[31,4,31,5],[32,4,32,5],[33,2,33,3],[34,0,34,6],[35,0,35,1],[38,4,38,5],[39,0,39,1],[41,4,41,5],[42,4,42,5],[43,4,43,5],[44,4,44,5],[45,4,45,5],[46,2,46,3],[47,0,47,6],[48,0,48,1],[51,4,51,5],[52,0,52,1],[54,4,54,5],[55,4,55,5],[56,4,56,5],[57,4,57,5],[58,4,58,5],[59,2,59,3],[60,0,60,6],[61,0,61,1],[71,4,71,5],[72,0,72,1],[79,4,79,5],[80,4,80,5],[81,4,81,5],[82,4,82,5],[83,4,83,5],[84,2,84,3],[85,0,85,6],[86,0,86,1],[90,4,90,5],[91,0,91,1],[94,4,94,5],[95,4,95,5],[96,4,96,5],[97,4,97,5],[98,4,98,5],[99,2,99,3],[100,0,100,6],[101,0,101,1],[103,4,103,5],[104,0,104,1],[107,4,107,5],[108,4,108,5],[109,4,109,5],[110,4,110,5],[111,4,111,5],[112,2,112,3],[113,0,113,6],[114,0,114,1],[117,4,117,5],[118,0,118,1],[121,4,121,5],[122,4,122,5],[123,4,123,5],[124,4,124,5],[125,4,125,5],[126,2,126,3],[127,0,127,6],[128,0,128,1],[130,4,130,5],[131,0,131,1],[134,4,134,5],[135,4,135,5],[136,4,136,5],[137,4,137,5],[138,4,138,5],[139,2,139,3],[140,0,140,6],[141,0,141,1],[146,4,146,5],[147,0,147,1],[151,4,151,5],[152,0,152,1],[155,4,155,5],[156,4,156,5],[157,4,157,5],[158,4,158,5],[159,4,159,5],[160,2,160,3],[161,0,161,6],[162,0,162,1],[165,4,165,5],[166,0,166,1],[169,4,169,5],[170,0,170,1],[173,4,173,5],[174,0,174,1],[176,4,176,5],[177,4,177,5],[178,4,178,5],[179,4,179,5],[180,4,180,5],[181,2,181,3],[182,0,182,6],[183,0,183,1],[186,4,186,5],[187,0,187,1],[190,4,190,5],[191,0,191,1],[193,4,193,5],[194,4,194,5],[195,4,195,5],[196,4,196,5],[197,4,197,5],[198,2,198,3],[199,0,199,6],[200,0,200,1],[203,4,203,5],[204,0,204,1],[207,4,207,5],[208,0,208,1],[210,4,210,5],[211,4,211,5],[212,4,212,5],[213,4,213,5],[214,4,214,5],[215,2,215,3],[216,0,216,6],[217,0,217,1],[219,4,219,5],[220,0,220,1],[223,4,223,5],[224,0,224,1],[226,4,226,5],[227,4,227,5],[228,4,228,5],[229,4,229,5],[230,4,230,5],[231,2,231,3],[232,0,232,6],[233,0,233,1],[235,4,235,5],[236,0,236,1],[239,4,239,5],[240,4,240,5],[241,4,241,5],[242,4,242,5],[243,4,243,5],[244,2,244,3],[245,0,245,6],[246,0,246,1],[250,4,250,5],[251,0,251,1],[254,4,254,5],[255,0,255,1],[257,4,257,5],[258,4,258,5],[259,4,259,5],[260,4,260,5],[261,4,261,5],[262,2,262,3],[263,0,263,6],[264,0,264,1],[268,4,268,5],[269,0,269,1],[272,4,272,5],[273,0,273,1],[275,4,275,5],[276,4,276,5],[277,4,277,5],[278,4,278,5],[279,4,279,5],[280,2,280,3],[281,0,281,6],[282,0,282,1],[285,4,285,5],[286,4,286,5],[287,4,287,5],[288,4,288,5],[289,4,289,5],[290,2,290,3],[291,0,291,6],[292,0,292,1],[295,4,295,5],[296,4,296,5],[297,4,297,5],[298,4,298,5],[299,4,299,5],[300,2,300,3],[301,0,301,6],[302,0,302,1],[305,4,305,5],[306,4,306,5],[307,4,307,5],[308,4,308,5],[309,4,309,5],[310,2,310,3],[311,0,311,6],[312,0,312,1],[314,4,314,5],[315,4,315,5],[316,4,316,5],[317,4,317,5],[318,4,318,5],[319,2,319,3],[320,0,320,6],[321,0,321,1],[324,4,324,5],[325,0,325,1],[331,4,331,5],[332,0,332,1],[335,4,335,5],[336,0,336,1],[339,4,339,5],[340,4,340,5],[341,4,341,5],[342,4,342,5],[343,4,343,5],[344,2,344,3],[345,0,345,6],[346,0,346,1],[348,4,348,5],[349,0,349,1],[352,4,352,5],[353,0,353,1],[355,4,355,5],[356,4,356,5],[357,4,357,5],[358,4,358,5],[359,4,359,5],[360,2,360,3],[361,0,361,6],[362,0,362,1],[364,4,364,5],[365,0,365,1],[368,4,368,5],[369,0,369,1],[373,4,373,5],[374,4,374,5],[375,4,375,5],[376,4,376,5],[377,4,377,5],[378,2,378,3],[379,0,379,6],[380,0,380,1],[384,4,384,5],[385,0,385,1],[388,4,388,5],[389,0,389,1],[391,4,391,5],[392,4,392,5],[393,4,393,5],[394,4,394,5],[395,4,395,5],[396,2,396,3],[397,0,397,6],[398,0,398,1],[401,4,401,5],[402,0,402,1],[405,4,405,5],[406,0,406,1],[409,4,409,5],[410,4,410,5],[411,4,411,5],[412,4,412,5],[413,4,413,5],[414,2,414,3],[415,0,415,6],[416,0,416,1],[419,4,419,5],[420,0,420,1],[424,4,424,5],[425,0,425,1],[428,4,428,5],[429,4,429,5],[430,4,430,5],[431,4,431,5],[432,4,432,5],[433,2,433,3],[434,0,434,6],[435,0,435,1],[439,4,439,5],[440,0,440,1],[447,4,447,5],[448,0,448,1],[452,4,452,5],[453,0,453,1],[455,4,455,5],[456,4,456,5],[457,4,457,5],[458,4,458,5],[459,4,459,5],[460,2,460,3],[461,0,461,6],[462,0,462,1],[465,4,465,5],[466,0,466,1],[472,4,472,5],[473,0,473,1],[476,4,476,5],[477,4,477,5],[478,4,478,5],[479,4,479,5],[480,4,480,5],[481,2,481,3],[482,0,482,6],[483,0,483,1],[486,4,486,5],[487,0,487,1],[490,4,490,5],[491,0,491,1],[494,4,494,5],[495,4,495,5],[496,4,496,5],[497,4,497,5],[498,4,498,5],[499,2,499,3],[500,0,500,6],[501,0,501,1],[504,4,504,5],[505,0,505,1],[507,4,507,5],[508,0,508,1],[511,4,511,5],[512,4,512,5],[513,4,513,5],[514,4,514,5],[515,4,515,5],[516,2,516,3],[517,0,517,6],[518,0,518,1],[521,4,521,5],[522,0,522,1],[525,4,525,5],[526,0,526,1],[528,4,528,5],[529,4,529,5],[530,4,530,5],[531,4,531,5],[532,4,532,5],[533,2,533,3],[534,0,534,6],[535,0,535,1],[539,4,539,5],[540,0,540,1],[543,4,543,5],[544,4,544,5],[545,4,545,5],[546,4,546,5],[547,4,547,5],[548,2,548,3],[549,0,549,6],[550,0,550,1],[553,4,553,5],[554,0,554,1],[556,4,556,5],[557,4,557,5],[558,4,558,5],[559,4,559,5],[560,4,560,5],[561,2,561,3],[562,0,562,6],[563,0,563,1],[566,4,566,5],[567,0,567,1],[569,4,569,5],[570,4,570,5],[571,4,571,5],[572,4,572,5],[573,4,573,5],[574,2,574,3],[575,0,575,6],[576,0,576,1],[578,4,578,5],[579,0,579,1],[582,4,582,5],[583,4,583,5],[584,4,584,5],[585,4,585,5],[586,4,586,5],[587,2,587,3],[588,0,588,6],[589,0,589,1],[592,4,592,5],[593,0,593,1],[596,4,596,5],[597,4,597,5],[598,4,598,5],[599,4,599,5],[600,4,600,5],[601,2,601,3],[602,0,602,6],[603,0,603,1],[605,4,605,5],[606,0,606,1],[609,4,609,5],[610,4,610,5],[611,4,611,5],[612,4,612,5],[613,4,613,5],[614,2,614,3],[615,0,615,6],[616,0,616,1],[618,4,618,5],[619,0,619,1],[622,4,622,5],[623,4,623,5],[624,4,624,5],[625,4,625,5],[626,4,626,5],[627,2,627,3],[628,0,628,6],[629,0,629,1],[632,4,632,5],[633,0,633,1],[636,4,636,5],[637,4,637,5],[638,4,638,5],[639,4,639,5],[640,4,640,5],[641,2,641,3],[642,0,642,6],[643,0,643,1],[646,4,646,5],[647,4,647,5],[648,4,648,5],[649,4,649,5],[650,4,650,5],[651,2,651,3],[652,0,652,6],[653,0,653,1],[655,4,655,5],[656,0,656,1],[659,4,659,5],[660,4,660,5],[661,4,661,5],[662,4,662,5],[663,4,663,5],[664,2,664,3],[665,0,665,6],[666,0,666,1],[669,4,669,5],[670,0,670,1],[673,4,673,5],[674,4,674,5],[675,4,675,5],[676,4,676,5],[677,4,677,5],[678,2,678,3],[679,0,679,6],[680,0,680,1],[685,4,685,5],[686,4,686,5],[687,4,687,5],[688,4,688,5],[689,4,689,5],[690,2,690,3],[691,0,691,6],[692,0,692,1],[700,4,700,5],[701,0,701,1],[703,4,703,5],[704,4,704,5],[705,4,705,5],[706,4,706,5],[707,4,707,5],[708,2,708,3],[709,0,709,6],[710,0,710,1],[715,4,715,5],[716,0,716,1],[719,4,719,5],[720,4,720,5],[721,4,721,5],[722,4,722,5],[723,4,723,5],[724,2,724,3],[725,0,725,6],[726,0,726,1],[729,4,729,5],[730,0,730,1],[733,4,733,5],[734,0,734,1],[737,4,737,5],[738,4,738,5],[739,4,739,5],[740,4,740,5],[741,4,741,5],[742,2,742,3],[743,0,743,6],[744,0,744,1],[747,4,747,5],[748,0,748,1],[751,4,751,5],[752,0,752,1],[755,4,755,5],[756,4,756,5],[757,4,757,5],[758,4,758,5],[759,4,759,5],[760,2,760,3],[761,0,761,6],[762,0,762,1],[764,4,764,5],[765,0,765,1],[768,4,768,5],[769,4,769,5],[770,4,770,5],[771,4,771,5],[772,4,772,5]]}
[]
[]
["1.1.1. S00021 Demolição de meio-fio granítico ou pre-moldado (m)"]
["Encargos Complementares",null,"FONTE","UNID","COEFICIENTE","PREÇO UNITÁRIO","TOTAL"]
["S10550","Encargos Complementares - Pedreiro","ORSE","h",0.04974874,3.72,0.19]
["S10549","Encargos Complementares - Servente","ORSE","h",0.49486964,3.82,1.89]
[{"$nulls":4},"TOTAL Encargos Complementares:",null,2.08]
["Mão de Obra",null,"FONTE","UNID","COEFICIENTE","PREÇO UNITÁRIO","TOTAL"]
["00004750","PEDREIRO (HORISTA)","SINAPI","H",0.04974874,18.64,0.93]
["00006111","SERVENTE DE OBRAS (HORISTA)","SINAPI","H",0.49748744,13.84,6.89]
[{"$nulls":4},"TOTAL Mão de Obra:",null,7.82]
[{"$nulls":4},"VALOR:",null,{"v":9.9,"d":"9.90"}]
[{"$nulls":4},"VALOR ENCARGOS*:",null,"INCLUSO"]
[{"$nulls":4},"VALOR BDI (22.40%):",null,2.21]
[{"$nulls":4},"VALOR COM BDI:",null,12.11]
[]
["1.2.1. 103329 ALVENARIA DE VEDAÇÃO DE BLOCOS CERÂMICOS FURADOS NA HORIZONTAL DE 9X19X19 CM (ESPESSURA 9 CM) E ARGAMASSA DE ASSENTAMENTO COM PREPARO MANUAL. AF_12/2021 (M2)"]
["Material",null,"FONTE","UNID","COEFICIENTE","PREÇO UNITÁRIO","TOTAL"]
["00007271","BLOCO CERAMICO / TIJOLO VAZADO PARA ALVENARIA DE VEDACAO, 8 FUROS NA HORIZONTAL, DE 9 X 19 X 19 CM (L XA X C)","SINAPI","UN",{"v":28.31,"d":"28.31000000"},0.67,18.96]
["00037395","PINO DE ACO COM FURO, HASTE = 27 MM (ACAO DIRETA)","SINAPI","CENTO",{"v":0.005,"d":"0.00500000"},38.85,0.19]
["00034557","TELA DE ACO SOLDADA GALVANIZADA/ZINCADA PARA ALVENARIA, FIO D = *1,20 A 1,70* MM, MALHA 15 X 15 MM, (C X L) *50 X 7,5* CM","SINAPI","M",{"v":0.42,"d":"0.42000000"},{"v":2,"d":"2.00"},0.84]
[{"$nulls":4},"TOTAL Material:",null,19.99]
["Mão de Obra com Encargos Complementares",null,"FONTE","UNID","COEFICIENTE","PREÇO UNITÁRIO","TOTAL"]
["88309","PEDREIRO COM ENCARGOS COMPLEMENTARES","SINAPI","H",{"v":1.61,"d":"1.61000000"},24.31,39.13]
["88316","SERVENTE COM ENCARGOS COMPLEMENTARES","SINAPI","H",{"v":0.805,"d":"0.80500000"},19.27,15.51]
[{"$nulls":4},"TOTAL Mão de Obra com Encargos Complementares:",null,54.64]
["Serviço",null,"FONTE","UNID","COEFICIENTE","PREÇO UNITÁRIO","TOTAL"]
["87369","ARGAMASSA TRAÇO 1:2:8 (EM VOLUME DE CIMENTO, CAL E AREIA MÉDIA ÚMIDA) PARA EMBOÇO/MASSA ÚNICA/ASSENTAMENTO DE ALVENARIA DE VEDAÇÃO, PREPARO MANUAL. AF_08/2019","SINAPI","M3",{"v":0.0091,"d":"0.00910000"},647.15,5.88]
[{"$nulls":4},"TOTAL Serviço:",null,5.88]
[{"$nulls":4},"VALOR:",null,80.51]
[{"$nulls":4},"VALOR ENCARGOS*:",null,"INCLUSO"]
[{"$nulls":4},"VALOR BDI (22.40%):",null,18.03]
[{"$nulls":4},"VALOR COM BDI:",null,98.54]
[]
["1.2.2. 87904 CHAPISCO APLICADO EM ALVENARIA (COM PRESENÇA DE VÃOS) E ESTRUTURAS DE CONCRETO DE FACHADA, COM COLHER DE PEDREIRO.  ARGAMASSA TRAÇO 1:3 COM PREPARO MANUAL. AF_10/2022 (M2)"]
["Mão de Obra com Encargos Complementares",null,"FONTE","UNID","COEFICIENTE","PREÇO UNITÁRIO","TOTAL"]
["88309","PEDREIRO COM ENCARGOS COMPLEMENTARES","SINAPI","H",{"v":0.1724,"d":"0.17240000"},24.31,4.19]
["88316","SERVENTE COM ENCARGOS COMPLEMENTARES","SINAPI","H",{"v":0.0575,"d":"0.05750000"},19.27,{"v":1.1,"d":"1.10"}]
[{"$nulls":4},"TOTAL Mão de Obra com Encargos Complementares:",null,5.29]
["Serviço",null,"FONTE","UNID","COEFICIENTE","PREÇO UNITÁRIO","TOTAL"]
["87377","ARGAMASSA TRAÇO 1:3 (EM VOLUME DE CIMENTO E AREIA GROSSA ÚMIDA) PARA CHAPISCO CONVENCIONAL, PREPARO MANUAL. AF_08/2019","SINAPI","M3",{"v":0.0037,"d":"0.00370000"},601.01,2.22]
[{"$nulls":4},"TOTAL Serviço:",null,2.22]
[{"$nulls":4},"VALOR:",null,7.51]
[{"$nulls":4},"VALOR ENCARGOS*:",null,"INCLUSO"]
[{"$nulls":4},"VALOR BDI (22.40%):",null,1.68]
[{"$nulls":4},"VALOR COM BDI:",null,9.19]
[]
["1.2.3. 87530 MASSA ÚNICA, PARA RECEBIMENTO DE PINTURA, EM ARGAMASSA TRAÇO 1:2:8, PREPARO MANUAL, APLICADA MANUALMENTE EM FACES INTERNAS DE PAREDES, ESPESSURA DE 20MM, COM EXECUÇÃO DE TALISCAS. AF_06/2014 (M2)"]
["Mão de Obra com Encargos Complementares",null,"FONTE","UNID","COEFICIENTE","PREÇO UNITÁRIO","TOTAL"]
["88309","PEDREIRO COM ENCARGOS COMPLEMENTARES","SINAPI","H",{"v":0.47,"d":"0.47000000"},24.31,11.42]
["88316","SERVENTE COM ENCARGOS COMPLEMENTARES","SINAPI","H",{"v":0.171,"d":"0.17100000"},19.27,3.29]
[{"$nulls":4},"TOTAL Mão de Obra com Encargos Complementares:",null,14.71]
["Serviço",null,"FONTE","UNID","COEFICIENTE","PREÇO UNITÁRIO","TOTAL"]
["87369","ARGAMASSA TRAÇO 1:2:8 (EM VOLUME DE CIMENTO, CAL E AREIA MÉDIA ÚMIDA) PARA EMBOÇO/MASSA ÚNICA/ASSENTAMENTO DE ALVENARIA DE VEDAÇÃO, PREPARO MANUAL. AF_08/2019","SINAPI","M3",{"v":0.0376,"d":"0.03760000"},647.15,24.33]
[{"$nulls":4},"TOTAL Serviço:",null,24.33]
[{"$nulls":4},"VALOR:",null,39.04]
[{"$nulls":4},"VALOR ENCARGOS*:",null,"INCLUSO"]
[{"$nulls":4},"VALOR BDI (22.40%):",null,8.74]
[{"$nulls":4},"VALOR COM BDI:",null,47.78]
[]
["1.2.4. 040084 SBC PILAR CONCRETO 20x20cm PARA ESTRUTURA COM ACO/FORMAS (m)"]
["Material",null,"FONTE","UNID","COEFICIENTE","PREÇO UNITÁRIO","TOTAL"]
["INS-28825563","ACO CA 50 MEDIO (6mm ,10,0 mm 12,5mm OU 16,0mm, 20,0 DOBRADO E\nCORTADO (3/16\" a 1\")","Composições ","kg",{"v":3.6,"d":"3.60000000"},7.31,26.32]
["INS-78089360","ARAME RECOZIDO ISGW #16 (0,032kg/m) (55 AMARRAS/pm3)","Composições ","KG",{"v":0.072,"d":"0.07200000"},25.53,1.84]
["INS-51938512","AREIA GROSSA LAVADA","Composições ","m3",{"v":0.028,"d":"0.02800000"},112.24,3.14]
["INS-46501578","CIMENTO PORTLAND CP III 32RS NBR 11578 (quilo","Composições ","kg",{"v":12.44,"d":"12.44000000"},{"v":0.6,"d":"0.60"},7.46]
["INS-95614817","PEDRA BRITADA #1","Composições ","M3",{"v":0.016,"d":"0.01600000"},107.82,1.73]
["INS-45218282","PEDRA BRITADA #2","Composições ","M3",{"v":0.016,"d":"0.01600000"},108.39,1.73]
["INS-38001709","PONTALETE 7,5x7,5cm (3x3\") PERNA/BARROTE/ESTRONCA","Composições ","M",{"v":3.08,"d":"3.08000000"},7.95,24.49]
["INS-90756404","PREGO FERRO GALVANIZADO 12x12 COM CABECA","Composições ","KG",{"v":0.176,"d":"0.17600000"},27.57,4.85]
["INS-89429986","TABUA TERCEIRA QUALIDADE NAO APARELHADA","Composições ","M",{"v":1.696,"d":"1.69600000"},11.28,19.13]
[{"$nulls":4},"TOTAL Material:",null,90.69]
["Mão de Obra com Encargos Complementares",null,"FONTE","UNID","COEFICIENTE","PREÇO UNITÁRIO","TOTAL"]
["88238","AJUDANTE DE ARMADOR COM ENCARGOS COMPLEMENTARES","SINAPI","H",{"v":0.353,"d":"0.35300000"},20.02,7.07]
["88239","AJUDANTE DE CARPINTEIRO COM ENCARGOS COMPLEMENTARES","SINAPI","H",{"v":1.482,"d":"1.48200000"},19.93,29.54]
["88243","AJUDANTE ESPECIALIZADO COM ENCARGOS COMPLEMENTARES","SINAPI","H",{"v":0.628,"d":"0.62800000"},20.09,12.62]
["88245","ARMADOR COM ENCARGOS COMPLEMENTARES","SINAPI","H",{"v":0.353,"d":"0.35300000"},{"v":24.1,"d":"24.10"},8.51]
["88262","CARPINTEIRO DE FORMAS COM ENCARGOS COMPLEMENTARES","SINAPI","H",{"v":1.06,"d":"1.06000000"},23.96,{"v":25.4,"d":"25.40"}]
["88304","OPERADOR DE USINA DE ASFALTO, DE SOLOS OU DE CONCRETO COM ENCARGOS COMPLEMENTARES","SINAPI","H",{"v":0.157,"d":"0.15700000"},31.67,4.97]
[{"$nulls":4},"TOTAL Mão de Obra com Encargos Complementares:",null,88.11]
[{"$nulls":4},"VALOR:",null,{"v":178.8,"d":"178.80"}]
[{"$nulls":4},"VALOR ENCARGOS*:",null,"INCLUSO"]
[{"$nulls":4},"VALOR BDI (22.40%):",null,40.05]
[{"$nulls":4},"VALOR COM BDI:",null,218.85]
[]
["1.3.1. 102507 PINTURA DE DEMARCAÇÃO DE VAGA COM TINTA EPÓXI, E = 10 CM, APLICAÇÃO MANUAL. AF_05/2021 (M)"]
["Material",null,"FONTE","UNID","COEFICIENTE","PREÇO UNITÁRIO","TOTAL"]
["00005330","DILUENTE EPOXI","SINAPI","L",{"v":0.006,"d":"0.00600000"},44.01,0.26]
["00012815","FITA CREPE ROLO DE 25 MM X 50 M","SINAPI","UN",{"v":0.04,"d":"0.04000000"},7.52,{"v":0.3,"d":"0.30"}]
["00007304","TINTA EPOXI BASE AGUA PREMIUM, BRANCA","SINAPI","L",{"v":0.032,"d":"0.03200000"},59.96,1.91]
[{"$nulls":4},"TOTAL Material:",null,2.47]
["Mão de Obra com Encargos Complementares",null,"FONTE","UNID","COEFICIENTE","PREÇO UNITÁRIO","TOTAL"]
["88310","PINTOR COM ENCARGOS COMPLEMENTARES","SINAPI","H",{"v":0.083,"d":"0.08300000"},25.51,2.11]
["88316","SERVENTE COM ENCARGOS COMPLEMENTARES","SINAPI","H",{"v":0.035,"d":"0.03500000"},19.27,0.67]
[{"$nulls":4},"TOTAL Mão de Obra com Encargos Complementares:",null,2.78]
[{"$nulls":4},"VALOR:",null,5.25]
[{"$nulls":4},"VALOR ENCARGOS*:",null,"INCLUSO"]
[{"$nulls":4},"VALOR BDI (22.40%):",null,1.17]
[{"$nulls":4},"VALOR COM BDI:",null,6.42]
[]
["1.3.2. 88485 FUNDO SELADOR ACRÍLICO, APLICAÇÃO MANUAL EM PAREDE, UMA DEMÃO. AF_04/2023 (M2)"]
["Material",null,"FONTE","UNID","COEFICIENTE","PREÇO UNITÁRIO","TOTAL"]
["00006085","SELADOR ACRILICO OPACO PREMIUM INTERIOR/EXTERIOR","SINAPI","L",{"v":0.1666,"d":"0.16660000"},9.68,1.61]
[{"$nulls":4},"TOTAL Material:",null,1.61]
["Mão de Obra com Encargos Complementares",null,"FONTE","UNID","COEFICIENTE","PREÇO UNITÁRIO","TOTAL"]
["88310","PINTOR COM ENCARGOS COMPLEMENTARES","SINAPI","H",{"v":0.0666,"d":"0.06660000"},25.51,1.69]
["88316","SERVENTE COM ENCARGOS COMPLEMENTARES","SINAPI","H",{"v":0.0222,"d":"0.02220000"},19.27,0.42]
[{"$nulls":4},"TOTAL Mão de Obra com Encargos Complementares:",null,2.11]
[{"$nulls":4},"VALOR:",null,3.72]
[{"$nulls":4},"VALOR ENCARGOS*:",null,"INCLUSO"]
[{"$nulls":4},"VALOR BDI (22.40%):",null,0.83]
[{"$nulls":4},"VALOR COM BDI:",null,4.55]
[]
["1.3.3. 96135 APLICAÇÃO MANUAL DE MASSA ACRÍLICA EM PAREDES EXTERNAS DE CASAS, DUAS DEMÃOS. AF_05/2017 (M2)"]
["Material",null,"FONTE","UNID","COEFICIENTE","PREÇO UNITÁRIO","TOTAL"]
["00003767","LIXA EM FOLHA PARA PAREDE OU MADEIRA, NUMERO 120, COR VERMELHA","SINAPI","UN",{"v":0.1,"d":"0.10000000"},0.97,0.09]
["00043651","MASSA ACRILICA PARA SUPERFICIES INTERNAS E EXTERNAS","SINAPI","KG",{"v":1.55184,"d":"1.55184000"},5.19,8.05]
[{"$nulls":4},"TOTAL Material:",null,8.14]
["Mão de Obra com Encargos Complementares",null,"FONTE","UNID","COEFICIENTE","PREÇO UNITÁRIO","TOTAL"]
["88310","PINTOR COM ENCARGOS COMPLEMENTARES","SINAPI","H",{"v":0.571,"d":"0.57100000"},25.51,14.56]
["88316","SERVENTE COM ENCARGOS COMPLEMENTARES","SINAPI","H",{"v":0.143,"d":"0.14300000"},19.27,2.75]
[{"$nulls":4},"TOTAL Mão de Obra com Encargos Complementares:",null,17.31]
[{"$nulls":4},"VALOR:",null,25.45]
[{"$nulls":4},"VALOR ENCARGOS*:",null,"INCLUSO"]
[{"$nulls":4},"VALOR BDI (22.40%):",null,{"v":5.7,"d":"5.70"}]
[{"$nulls":4},"VALOR COM BDI:",null,31.15]
[]
["1.3.4. 95626 APLICAÇÃO MANUAL DE TINTA LÁTEX ACRÍLICA EM PAREDE EXTERNAS DE CASAS, DUAS DEMÃOS. AF_11/2016 (M2)"]
["Material",null,"FONTE","UNID","COEFICIENTE","PREÇO UNITÁRIO","TOTAL"]
["00007356","TINTA LATEX ACRILICA PREMIUM, COR BRANCO FOSCO","SINAPI","L",{"v":0.2,"d":"0.20000000"},22.87,4.57]
[{"$nulls":4},"TOTAL Material:",null,4.57]
["Mão de Obra com Encargos Complementares",null,"FONTE","UNID","COEFICIENTE","PREÇO UNITÁRIO","TOTAL"]
["88310","PINTOR COM ENCARGOS COMPLEMENTARES","SINAPI","H",{"v":0.344,"d":"0.34400000"},25.51,8.77]
["88316","SERVENTE COM ENCARGOS COMPLEMENTARES","SINAPI","H",{"v":0.086,"d":"0.08600000"},19.27,1.65]
[{"$nulls":4},"TOTAL Mão de Obra com Encargos Complementares:",null,10.42]
[{"$nulls":4},"VALOR:",null,14.99]
[{"$nulls":4},"VALOR ENCARGOS*:",null,"INCLUSO"]
[{"$nulls":4},"VALOR BDI (22.40%):",null,3.35]
[{"$nulls":4},"VALOR COM BDI:",null,18.34]
[]
["1.4.1. 92396 EXECUÇÃO DE PASSEIO EM PISO INTERTRAVADO, COM BLOCO RETANGULAR COR NATURAL DE 20 X 10 CM, ESPESSURA 6 CM. AF_10/2022 (M2)"]
["Equipamento Custo Horário",null,"FONTE","UNID","COEFICIENTE","PREÇO UNITÁRIO","TOTAL"]
["91285","CORTADORA DE PISO COM MOTOR 4 TEMPOS A GASOLINA, POTÊNCIA DE 13 HP, COM DISCO DE CORTE DIAMANTADO SEGMENTADO PARA CONCRETO, DIÂMETRO DE 350 MM, FURO DE 1\" (14 X 1\") - CHI DIURNO. AF_08/2015","SINAPI","CHI",{"v":0.1371,"d":"0.13710000"},1.04,0.14]
["91283","CORTADORA DE PISO COM MOTOR 4 TEMPOS A GASOLINA, POTÊNCIA DE 13 HP, COM DISCO DE CORTE DIAMANTADO SEGMENTADO PARA CONCRETO, DIÂMETRO DE 350 MM, FURO DE 1\" (14 X 1\") - CHP DIURNO. AF_08/2015","SINAPI","CHP",{"v":0.0491,"d":"0.04910000"},9.79,0.48]
["91278","PLACA VIBRATÓRIA REVERSÍVEL COM MOTOR 4 TEMPOS A GASOLINA, FORÇA CENTRÍFUGA DE 25 KN (2500 KGF), POTÊNCIA 5,5 CV - CHI DIURNO. AF_08/2015","SINAPI","CHI",{"v":0.1821,"d":"0.18210000"},0.61,0.11]
["91277","PLACA VIBRATÓRIA REVERSÍVEL COM MOTOR 4 TEMPOS A GASOLINA, FORÇA CENTRÍFUGA DE 25 KN (2500 KGF), POTÊNCIA 5,5 CV - CHP DIURNO. AF_08/2015","SINAPI","CHP",{"v":0.0041,"d":"0.00410000"},8.86,0.03]
[{"$nulls":4},"TOTAL Equipamento Custo Horário:",null,0.76]
["Material",null,"FONTE","UNID","COEFICIENTE","PREÇO UNITÁRIO","TOTAL"]
["00000370","AREIA MEDIA - POSTO JAZIDA/FORNECEDOR (RETIRADO NA JAZIDA, SEM TRANSPORTE)","SINAPI","M3",{"v":0.0568,"d":"0.05680000"},{"v":110.8,"d":"110.80"},6.29]
["00036155","BLOQUETE/PISO INTERTRAVADO DE CONCRETO - MODELO ONDA/16 FACES/RETANGULAR/TIJOLINHO/PAVER/HOLANDES/PARALELEPIPEDO, 20 CM X 10 CM, E = 6 CM, RESISTENCIA DE 35 MPA (NBR 9781), COR NATURAL","SINAPI","M2",{"v":1.03,"d":"1.03000000"},33.94,34.95]
["00004741","PO DE PEDRA (POSTO PEDREIRA/FORNECEDOR, SEM FRETE)","SINAPI","M3",{"v":0.0098,"d":"0.00980000"},{"v":86,"d":"86.00"},0.84]
[{"$nulls":4},"TOTAL Material:",null,42.08]
["Mão de Obra com Encargos Complementares",null,"FONTE","UNID","COEFICIENTE","PREÇO UNITÁRIO","TOTAL"]
["88260","CALCETEIRO COM ENCARGOS COMPLEMENTARES","SINAPI","H",{"v":0.3725,"d":"0.37250000"},{"v":24.1,"d":"24.10"},8.97]
["88316","SERVENTE COM ENCARGOS COMPLEMENTARES","SINAPI","H",{"v":0.3725,"d":"0.37250000"},19.27,7.17]
[{"$nulls":4},"TOTAL Mão de Obra com Encargos Complementares:",null,16.14]
[{"$nulls":4},"VALOR:",null,58.98]
[{"$nulls":4},"VALOR ENCARGOS*:",null,"INCLUSO"]
[{"$nulls":4},"VALOR BDI (22.40%):",null,13.21]
[{"$nulls":4},"VALOR COM BDI:",null,72.19]
[]
["1.4.2. 101865 REASSENTAMENTO DE BLOCOS RETANGULAR PARA PISO INTERTRAVADO, ESPESSURA DE 10 CM, EM VIA/ESTACIONAMENTO, COM REAPROVEITAMENTO DOS BLOCOS RETANGULAR - INCLUSO RETIRADA E COLOCAÇÃO DO MATERIAL. AF_12/2020 (M2)"]
["Equipamento Custo Horário",null,"FONTE","UNID","COEFICIENTE","PREÇO UNITÁRIO","TOTAL"]
["91278","PLACA VIBRATÓRIA REVERSÍVEL COM MOTOR 4 TEMPOS A GASOLINA, FORÇA CENTRÍFUGA DE 25 KN (2500 KGF), POTÊNCIA 5,5 CV - CHI DIURNO. AF_08/2015","SINAPI","CHI",{"v":0.142,"d":"0.14200000"},0.61,0.08]
["91277","PLACA VIBRATÓRIA REVERSÍVEL COM MOTOR 4 TEMPOS A GASOLINA, FORÇA CENTRÍFUGA DE 25 KN (2500 KGF), POTÊNCIA 5,5 CV - CHP DIURNO. AF_08/2015","SINAPI","CHP",{"v":0.0069,"d":"0.00690000"},8.86,0.06]
[{"$nulls":4},"TOTAL Equipamento Custo Horário:",null,0.14]
["Material",null,"FONTE","UNID","COEFICIENTE","PREÇO UNITÁRIO","TOTAL"]
["00000370","AREIA MEDIA - POSTO JAZIDA/FORNECEDOR (RETIRADO NA JAZIDA, SEM TRANSPORTE)","SINAPI","M3",{"v":0.0568,"d":"0.05680000"},{"v":110.8,"d":"110.80"},6.29]
["00004741","PO DE PEDRA (POSTO PEDREIRA/FORNECEDOR, SEM FRETE)","SINAPI","M3",{"v":0.0064,"d":"0.00640000"},{"v":86,"d":"86.00"},0.55]
[{"$nulls":4},"TOTAL Material:",null,6.84]
["Mão de Obra com Encargos Complementares",null,"FONTE","UNID","COEFICIENTE","PREÇO UNITÁRIO","TOTAL"]
["88260","CALCETEIRO COM ENCARGOS COMPLEMENTARES","SINAPI","H",{"v":0.2976,"d":"0.29760000"},{"v":24.1,"d":"24.10"},7.17]
["88316","SERVENTE COM ENCARGOS COMPLEMENTARES","SINAPI","H",{"v":0.2976,"d":"0.29760000"},19.27,5.73]
[{"$nulls":4},"TOTAL Mão de Obra com Encargos Complementares:",null,{"v":12.9,"d":"12.90"}]
["Serviço",null,"FONTE","UNID","COEFICIENTE","PREÇO UNITÁRIO","TOTAL"]
["97635","REMOÇÃO DE PISO DE BLOCO INTERTRAVADO OU DE PEDRA PORTUGUESA, DE FORMA MANUAL, COM REAPROVEITAMENTO. AF_09/2023","SINAPI","M2",{"v":1,"d":"1.00000000"},15.67,15.67]
[{"$nulls":4},"TOTAL Serviço:",null,15.67]
[{"$nulls":4},"VALOR:",null,35.55]
[{"$nulls":4},"VALOR ENCARGOS*:",null,"INCLUSO"]
[{"$nulls":4},"VALOR BDI (22.40%):",null,7.96]
[{"$nulls":4},"VALOR COM BDI:",null,43.51]
[]
["1.4.3. RT-26 EXECUÇÃO DE PAVIMENTO EM PARALELEPÍPEDOS, REJUNTAMENTOCOM ARGAMASSA TRAÇO 1:3 (CIMENTO E AREIA). AF_05/2020 ADAPTADODO SINAPI (101169) - (m2)"]
["Material",null,"FONTE","UNID","COEFICIENTE","PREÇO UNITÁRIO","TOTAL"]
["00000367","AREIA GROSSA - POSTO JAZIDA/FORNECEDOR (RETIRADO NA JAZIDA, SEM TRANSPORTE)","SINAPI","M3",{"v":0.114,"d":"0.11400000"},112.24,{"v":12.8,"d":"12.80"}]
["00004385","PARALELEPIPEDO GRANITICO OU BASALTICO, PARA PAVIMENTACAO, SEM FRETE (VARIACAO REGIONAL DE PECAS POR M2)","SINAPI","MIL",{"v":0.033,"d":"0.03300000"},849.48,28.03]
[{"$nulls":4},"TOTAL Material:",null,40.83]
["Mão de Obra com Encargos Complementares",null,"FONTE","UNID","COEFICIENTE","PREÇO UNITÁRIO","TOTAL"]
["88260","CALCETEIRO COM ENCARGOS COMPLEMENTARES","SINAPI","H",{"v":0.4021,"d":"0.40210000"},{"v":24.1,"d":"24.10"},9.69]
["88316","SERVENTE COM ENCARGOS COMPLEMENTARES","SINAPI","H",{"v":0.4021,"d":"0.40210000"},19.27,7.75]
[{"$nulls":4},"TOTAL Mão de Obra com Encargos Complementares:",null,17.44]
["Serviço",null,"FONTE","UNID","COEFICIENTE","PREÇO UNITÁRIO","TOTAL"]
["88628","ARGAMASSA TRAÇO 1:3 (EM VOLUME DE CIMENTO E AREIA MÉDIA ÚMIDA), PREPARO MECÂNICO COM BETONEIRA 400 L. AF_08/2019","SINAPI","M3",{"v":0.0204,"d":"0.02040000"},500.26,10.21]
[{"$nulls":4},"TOTAL Serviço:",null,10.21]
[{"$nulls":4},"VALOR:",null,68.48]
[{"$nulls":4},"VALOR ENCARGOS*:",null,"INCLUSO"]
[{"$nulls":4},"VALOR BDI (22.40%):",null,15.33]
[{"$nulls":4},"VALOR COM BDI:",null,83.81]
[]
["1.4.4. 94275 ASSENTAMENTO DE GUIA (MEIO-FIO) EM TRECHO RETO, CONFECCIONADA EM CONCRETO PRÉ-FABRICADO, DIMENSÕES 100X15X13X20 CM (COMPRIMENTO X BASE INFERIOR X BASE SUPERIOR X ALTURA), PARA URBANIZAÇÃO INTERNA DE EMPREENDIMENTOS. AF_06/2016 (M)"]
["Material",null,"FONTE","UNID","COEFICIENTE","PREÇO UNITÁRIO","TOTAL"]
["00000370","AREIA MEDIA - POSTO JAZIDA/FORNECEDOR (RETIRADO NA JAZIDA, SEM TRANSPORTE)","SINAPI","M3",{"v":0.007,"d":"0.00700000"},{"v":110.8,"d":"110.80"},0.77]
["00041679","MEIO-FIO OU GUIA DE CONCRETO PRE-MOLDADO, COMP 1 M, *20 X 12/15* CM (H X L1/L2)","SINAPI","UN",{"v":1.005,"d":"1.00500000"},25.07,25.19]
[{"$nulls":4},"TOTAL Material:",null,25.96]
["Mão de Obra com Encargos Complementares",null,"FONTE","UNID","COEFICIENTE","PREÇO UNITÁRIO","TOTAL"]
["88309","PEDREIRO COM ENCARGOS COMPLEMENTARES","SINAPI","H",{"v":0.36,"d":"0.36000000"},24.31,8.75]
["88316","SERVENTE COM ENCARGOS COMPLEMENTARES","SINAPI","H",{"v":0.36,"d":"0.36000000"},19.27,6.93]
[{"$nulls":4},"TOTAL Mão de Obra com Encargos Complementares:",null,15.68]
["Serviço",null,"FONTE","UNID","COEFICIENTE","PREÇO UNITÁRIO","TOTAL"]
["88629","ARGAMASSA TRAÇO 1:3 (EM VOLUME DE CIMENTO E AREIA MÉDIA ÚMIDA), PREPARO MANUAL. AF_08/2019","SINAPI","M3",{"v":0.001,"d":"0.00100000"},607.27,{"v":0.6,"d":"0.60"}]
[{"$nulls":4},"TOTAL Serviço:",null,{"v":0.6,"d":"0.60"}]
[{"$nulls":4},"VALOR:",null,42.24]
[{"$nulls":4},"VALOR ENCARGOS*:",null,"INCLUSO"]
[{"$nulls":4},"VALOR BDI (22.40%):",null,9.46]
[{"$nulls":4},"VALOR COM BDI:",null,{"v":51.7,"d":"51.70"}]
[]
["1.4.5. RT-28 REASSENTAMENTO DE PARALELEPÍPEDOS, REJUNTAMENTO COMARGAMASSA, COM REAPROVEITAMENTO DOS PARALELEPÍPEDOS -INCLUSO RETIRADA E COLOCAÇÃO DO MATERIAL. AF_12/2020ADAPTADO DO SINAPI (101852 (m2)"]
["Material",null,"FONTE","UNID","COEFICIENTE","PREÇO UNITÁRIO","TOTAL"]
["00000367","AREIA GROSSA - POSTO JAZIDA/FORNECEDOR (RETIRADO NA JAZIDA, SEM TRANSPORTE)","SINAPI","M3",{"v":0.114,"d":"0.11400000"},112.24,{"v":12.8,"d":"12.80"}]
[{"$nulls":4},"TOTAL Material:",null,{"v":12.8,"d":"12.80"}]
["Mão de Obra com Encargos Complementares",null,"FONTE","UNID","COEFICIENTE","PREÇO UNITÁRIO","TOTAL"]
["88260","CALCETEIRO COM ENCARGOS COMPLEMENTARES","SINAPI","H",{"v":0.7458,"d":"0.74580000"},{"v":24.1,"d":"24.10"},17.97]
["88316","SERVENTE COM ENCARGOS COMPLEMENTARES","SINAPI","H",{"v":0.7458,"d":"0.74580000"},19.27,14.37]
[{"$nulls":4},"TOTAL Mão de Obra com Encargos Complementares:",null,32.34]
["Serviço",null,"FONTE","UNID","COEFICIENTE","PREÇO UNITÁRIO","TOTAL"]
["88628","ARGAMASSA TRAÇO 1:3 (EM VOLUME DE CIMENTO E AREIA MÉDIA ÚMIDA), PREPARO MECÂNICO COM BETONEIRA 400 L. AF_08/2019","SINAPI","M3",{"v":0.0203,"d":"0.02030000"},500.26,10.16]
[{"$nulls":4},"TOTAL Serviço:",null,10.16]
[{"$nulls":4},"VALOR:",null,{"v":55.3,"d":"55.30"}]
[{"$nulls":4},"VALOR ENCARGOS*:",null,"INCLUSO"]
[{"$nulls":4},"VALOR BDI (22.40%):",null,12.38]
[{"$nulls":4},"VALOR COM BDI:",null,67.68]
[]
["1.5.1. 103946 PLANTIO DE GRAMA ESMERALDA OU SÃO CARLOS OU CURITIBANA, EM PLACAS. AF_05/2022 (M2)"]
["Material",null,"FONTE","UNID","COEFICIENTE","PREÇO UNITÁRIO","TOTAL"]
["00003322","GRAMA ESMERALDA OU SAO CARLOS OU CURITIBANA, EM PLACAS, SEM PLANTIO","SINAPI","M2",{"v":1,"d":"1.00000000"},16.37,16.37]
[{"$nulls":4},"TOTAL Material:",null,16.37]
["Mão de Obra com Encargos Complementares",null,"FONTE","UNID","COEFICIENTE","PREÇO UNITÁRIO","TOTAL"]
["88441","JARDINEIRO COM ENCARGOS COMPLEMENTARES","SINAPI","H",{"v":0.0391,"d":"0.03910000"},20.12,0.78]
["88316","SERVENTE COM ENCARGOS COMPLEMENTARES","SINAPI","H",{"v":0.1564,"d":"0.15640000"},19.27,3.01]
[{"$nulls":4},"TOTAL Mão de Obra com Encargos Complementares:",null,3.79]
[{"$nulls":4},"VALOR:",null,20.16]
[{"$nulls":4},"VALOR ENCARGOS*:",null,"INCLUSO"]
[{"$nulls":4},"VALOR BDI (22.40%):",null,4.51]
[{"$nulls":4},"VALOR COM BDI:",null,24.67]
[]
["1.5.2. 99861 GRADIL EM FERRO FIXADO EM VÃOS DE JANELAS, FORMADO POR BARRAS CHATAS DE 25X4,8 MM. AF_04/2019 (M2)"]
["Material",null,"FONTE","UNID","COEFICIENTE","PREÇO UNITÁRIO","TOTAL"]
["00000565","BARRA DE ACO CHATO, RETANGULAR, 25,4 MM X 4,76 MM (L X E), 1,73 KG/M","SINAPI","M",{"v":9.17,"d":"9.17000000"},{"v":16.9,"d":"16.90"},154.97]
["00004777","CANTONEIRA ACO ABAS IGUAIS (QUALQUER BITOLA), ESPESSURA ENTRE 1/8\" E 1/4\"","SINAPI","KG",{"v":7.544,"d":"7.54400000"},7.09,53.48]
["00011002","ELETRODO REVESTIDO AWS - E6013, DIAMETRO IGUAL A 2,50 MM","SINAPI","KG",{"v":0.115,"d":"0.11500000"},37.83,4.35]
[{"$nulls":4},"TOTAL Material:",null,{"v":212.8,"d":"212.80"}]
["Mão de Obra com Encargos Complementares",null,"FONTE","UNID","COEFICIENTE","PREÇO UNITÁRIO","TOTAL"]
["88251","AUXILIAR DE SERRALHEIRO COM ENCARGOS COMPLEMENTARES","SINAPI","H",{"v":6.965,"d":"6.96500000"},20.02,139.43]
["88315","SERRALHEIRO COM ENCARGOS COMPLEMENTARES","SINAPI","H",{"v":8.479,"d":"8.47900000"},{"v":24.1,"d":"24.10"},204.34]
[{"$nulls":4},"TOTAL Mão de Obra com Encargos Complementares:",null,343.77]
["Serviço",null,"FONTE","UNID","COEFICIENTE","PREÇO UNITÁRIO","TOTAL"]
["88629","ARGAMASSA TRAÇO 1:3 (EM VOLUME DE CIMENTO E AREIA MÉDIA ÚMIDA), PREPARO MANUAL. AF_08/2019","SINAPI","M3",{"v":0.008,"d":"0.00800000"},607.27,4.85]
[{"$nulls":4},"TOTAL Serviço:",null,4.85]
[{"$nulls":4},"VALOR:",null,561.42]
[{"$nulls":4},"VALOR ENCARGOS*:",null,"INCLUSO"]
[{"$nulls":4},"VALOR BDI (22.40%):",null,125.75]
[{"$nulls":4},"VALOR COM BDI:",null,687.17]
[]
["1.5.3. 99861 GRADIL EM FERRO FIXADO EM VÃOS DE JANELAS, FORMADO POR BARRAS CHATAS DE 25X4,8 MM. AF_04/2019 (M2)"]
["Material",null,"FONTE","UNID","COEFICIENTE","PREÇO UNITÁRIO","TOTAL"]
["00000565","BARRA DE ACO CHATO, RETANGULAR, 25,4 MM X 4,76 MM (L X E), 1,73 KG/M","SINAPI","M",{"v":9.17,"d":"9.17000000"},{"v":16.9,"d":"16.90"},154.97]
["00004777","CANTONEIRA ACO ABAS IGUAIS (QUALQUER BITOLA), ESPESSURA ENTRE 1/8\" E 1/4\"","SINAPI","KG",{"v":7.544,"d":"7.54400000"},7.09,53.48]
["00011002","ELETRODO REVESTIDO AWS - E6013, DIAMETRO IGUAL A 2,50 MM","SINAPI","KG",{"v":0.115,"d":"0.11500000"},37.83,4.35]
[{"$nulls":4},"TOTAL Material:",null,{"v":212.8,"d":"212.80"}]
["Mão de Obra com Encargos Complementares",null,"FONTE","UNID","COEFICIENTE","PREÇO UNITÁRIO","TOTAL"]
["88251","AUXILIAR DE SERRALHEIRO COM ENCARGOS COMPLEMENTARES","SINAPI","H",{"v":6.965,"d":"6.96500000"},20.02,139.43]
["88315","SERRALHEIRO COM ENCARGOS COMPLEMENTARES","SINAPI","H",{"v":8.479,"d":"8.47900000"},{"v":24.1,"d":"24.10"},204.34]
[{"$nulls":4},"TOTAL Mão de Obra com Encargos Complementares:",null,343.77]
["Serviço",null,"FONTE","UNID","COEFICIENTE","PREÇO UNITÁRIO","TOTAL"]
["88629","ARGAMASSA TRAÇO 1:3 (EM VOLUME DE CIMENTO E AREIA MÉDIA ÚMIDA), PREPARO MANUAL. AF_08/2019","SINAPI","M3",{"v":0.008,"d":"0.00800000"},607.27,4.85]
[{"$nulls":4},"TOTAL Serviço:",null,4.85]
[{"$nulls":4},"VALOR:",null,561.42]
[{"$nulls":4},"VALOR ENCARGOS*:",null,"INCLUSO"]
[{"$nulls":4},"VALOR BDI (22.40%):",null,125.75]
[{"$nulls":4},"VALOR COM BDI:",null,687.17]
[]
["2.1.1. 97622 DEMOLIÇÃO DE ALVENARIA DE BLOCO FURADO, DE FORMA MANUAL, SEM REAPROVEITAMENTO. AF_09/2023 (M3)"]
["Mão de Obra com Encargos Complementares",null,"FONTE","UNID","COEFICIENTE","PREÇO UNITÁRIO","TOTAL"]
["88309","PEDREIRO COM ENCARGOS COMPLEMENTARES","SINAPI","H",{"v":0.3541,"d":"0.35410000"},24.31,{"v":8.6,"d":"8.60"}]
["88316","SERVENTE COM ENCARGOS COMPLEMENTARES","SINAPI","H",{"v":2.1957,"d":"2.19570000"},19.27,42.31]
[{"$nulls":4},"TOTAL Mão de Obra com Encargos Complementares:",null,50.91]
[{"$nulls":4},"VALOR:",null,50.91]
[{"$nulls":4},"VALOR ENCARGOS*:",null,"INCLUSO"]
[{"$nulls":4},"VALOR BDI (22.40%):",null,{"v":11.4,"d":"11.40"}]
[{"$nulls":4},"VALOR COM BDI:",null,62.31]
[]
["2.1.2. 97645 REMOÇÃO DE JANELAS, DE FORMA MANUAL, SEM REAPROVEITAMENTO. AF_09/2023 (M2)"]
["Mão de Obra com Encargos Complementares",null,"FONTE","UNID","COEFICIENTE","PREÇO UNITÁRIO","TOTAL"]
["88309","PEDREIRO COM ENCARGOS COMPLEMENTARES","SINAPI","H",{"v":0.2807,"d":"0.28070000"},24.31,6.82]
["88316","SERVENTE COM ENCARGOS COMPLEMENTARES","SINAPI","H",{"v":0.7936,"d":"0.79360000"},19.27,15.29]
[{"$nulls":4},"TOTAL Mão de Obra com Encargos Complementares:",null,22.11]
[{"$nulls":4},"VALOR:",null,22.11]
[{"$nulls":4},"VALOR ENCARGOS*:",null,"INCLUSO"]
[{"$nulls":4},"VALOR BDI (22.40%):",null,4.95]
[{"$nulls":4},"VALOR COM BDI:",null,27.06]
[]
["2.1.3. 104789 DEMOLIÇÃO DE PISO DE CONCRETO SIMPLES, DE FORMA MANUAL, SEM REAPROVEITAMENTO. AF_09/2023 (M3)"]
["Mão de Obra com Encargos Complementares",null,"FONTE","UNID","COEFICIENTE","PREÇO UNITÁRIO","TOTAL"]
["88309","PEDREIRO COM ENCARGOS COMPLEMENTARES","SINAPI","H",{"v":1.2462,"d":"1.24620000"},24.31,30.29]
["88316","SERVENTE COM ENCARGOS COMPLEMENTARES","SINAPI","H",{"v":7.7265,"d":"7.72650000"},19.27,148.88]
[{"$nulls":4},"TOTAL Mão de Obra com Encargos Complementares:",null,179.17]
[{"$nulls":4},"VALOR:",null,179.17]
[{"$nulls":4},"VALOR ENCARGOS*:",null,"INCLUSO"]
[{"$nulls":4},"VALOR BDI (22.40%):",null,40.13]
[{"$nulls":4},"VALOR COM BDI:",null,{"v":219.3,"d":"219.30"}]
[]
["2.1.4. 93358 ESCAVAÇÃO MANUAL DE VALA COM PROFUNDIDADE MENOR OU IGUAL A 1,30 M. AF_02/2021 (M3)"]
["Mão de Obra com Encargos Complementares",null,"FONTE","UNID","COEFICIENTE","PREÇO UNITÁRIO","TOTAL"]
["88316","SERVENTE COM ENCARGOS COMPLEMENTARES","SINAPI","H",{"v":3.956,"d":"3.95600000"},19.27,76.23]
[{"$nulls":4},"TOTAL Mão de Obra com Encargos Complementares:",null,76.23]
[{"$nulls":4},"VALOR:",null,76.23]
[{"$nulls":4},"VALOR ENCARGOS*:",null,"INCLUSO"]
[{"$nulls":4},"VALOR BDI (22.40%):",null,17.07]
[{"$nulls":4},"VALOR COM BDI:",null,{"v":93.3,"d":"93.30"}]
[]
["2.1.5. 99059 LOCACAO CONVENCIONAL DE OBRA, UTILIZANDO GABARITO DE TÁBUAS CORRIDAS PONTALETADAS A CADA 2,00M -  2 UTILIZAÇÕES. AF_10/2018 (M)"]
["Equipamento Custo Horário",null,"FONTE","UNID","COEFICIENTE","PREÇO UNITÁRIO","TOTAL"]
["91693","SERRA CIRCULAR DE BANCADA COM MOTOR ELÉTRICO POTÊNCIA DE 5HP, COM COIFA PARA DISCO 10\" - CHI DIURNO. AF_08/2015","SINAPI","CHI",{"v":0.0168,"d":"0.01680000"},23.08,0.38]
["91692","SERRA CIRCULAR DE BANCADA COM MOTOR ELÉTRICO POTÊNCIA DE 5HP, COM COIFA PARA DISCO 10\" - CHP DIURNO. AF_08/2015","SINAPI","CHP",{"v":0.0039,"d":"0.00390000"},24.15,0.09]
[{"$nulls":4},"TOTAL Equipamento Custo Horário:",null,0.47]
["Material",null,"FONTE","UNID","COEFICIENTE","PREÇO UNITÁRIO","TOTAL"]
["00004433","CAIBRO NAO APARELHADO *6 X 6* CM, EM MACARANDUBA/MASSARANDUBA, ANGELIM OU EQUIVALENTE DA REGIAO - BRUTA","SINAPI","M",{"v":0.4125,"d":"0.41250000"},19.78,8.15]
["00005068","PREGO DE ACO POLIDO COM CABECA 17 X 21 (2 X 11)","SINAPI","KG",{"v":0.111,"d":"0.11100000"},19.59,2.17]
["00004417","SARRAFO NAO APARELHADO *2,5 X 7* CM, EM MACARANDUBA/MASSARANDUBA, ANGELIM, PEROBA-ROSA OU EQUIVALENTE DA REGIAO - BRUTA","SINAPI","M",{"v":0.7445,"d":"0.74450000"},{"v":5.5,"d":"5.50"},4.09]
["00010567","TABUA *2,5 X 23* CM EM PINUS, MISTA OU EQUIVALENTE DA REGIAO - BRUTA","SINAPI","M",{"v":0.55,"d":"0.55000000"},15.41,8.47]
["00007356","TINTA LATEX ACRILICA PREMIUM, COR BRANCO FOSCO","SINAPI","L",{"v":0.0256,"d":"0.02560000"},22.87,0.58]
[{"$nulls":4},"TOTAL Material:",null,23.46]
["Mão de Obra com Encargos Complementares",null,"FONTE","UNID","COEFICIENTE","PREÇO UNITÁRIO","TOTAL"]
["88239","AJUDANTE DE CARPINTEIRO COM ENCARGOS COMPLEMENTARES","SINAPI","H",{"v":0.3563,"d":"0.35630000"},19.93,{"v":7.1,"d":"7.10"}]
["88262","CARPINTEIRO DE FORMAS COM ENCARGOS COMPLEMENTARES","SINAPI","H",{"v":0.7125,"d":"0.71250000"},23.96,17.07]
[{"$nulls":4},"TOTAL Mão de Obra com Encargos Complementares:",null,24.17]
["Serviço",null,"FONTE","UNID","COEFICIENTE","PREÇO UNITÁRIO","TOTAL"]
["94974","CONCRETO MAGRO PARA LASTRO, TRAÇO 1:4,5:4,5 (EM MASSA SECA DE CIMENTO/ AREIA MÉDIA/ BRITA 1) - PREPARO MANUAL. AF_05/2021","SINAPI","M3",{"v":0.0046,"d":"0.00460000"},416.76,1.91]
["99062","MARCAÇÃO DE PONTOS EM GABARITO OU CAVALETE. AF_10/2018","SINAPI","UN",{"v":1.5,"d":"1.50000000"},2.24,3.36]
[{"$nulls":4},"TOTAL Serviço:",null,5.27]
[{"$nulls":4},"VALOR:",null,53.37]
[{"$nulls":4},"VALOR ENCARGOS*:",null,"INCLUSO"]
[{"$nulls":4},"VALOR BDI (22.40%):",null,11.95]
[{"$nulls":4},"VALOR COM BDI:",null,65.32]
[]
["2.2.1. 103800 PEDRA ARGAMASSADA COM CIMENTO E AREIA 1:3, 40% DE ARGAMASSA EM VOLUME - AREIA E PEDRA DE MÃO COMERCIAIS - FORNECIMENTO E ASSENTAMENTO. AF_08/2022 (M3)"]
["Material",null,"FONTE","UNID","COEFICIENTE","PREÇO UNITÁRIO","TOTAL"]
["00004730","PEDRA DE MAO OU PEDRA RACHAO PARA ARRIMO/FUNDACAO (POSTO PEDREIRA/FORNECEDOR, SEM FRETE)","SINAPI","M3",{"v":0.9086,"d":"0.90860000"},85.57,77.74]
[{"$nulls":4},"TOTAL Material:",null,77.74]
["Mão de Obra com Encargos Complementares",null,"FONTE","UNID","COEFICIENTE","PREÇO UNITÁRIO","TOTAL"]
["88309","PEDREIRO COM ENCARGOS COMPLEMENTARES","SINAPI","H",{"v":2.2158,"d":"2.21580000"},24.31,53.86]
["88316","SERVENTE COM ENCARGOS COMPLEMENTARES","SINAPI","H",{"v":3.1021,"d":"3.10210000"},19.27,59.77]
[{"$nulls":4},"TOTAL Mão de Obra com Encargos Complementares:",null,113.63]
["Serviço",null,"FONTE","UNID","COEFICIENTE","PREÇO UNITÁRIO","TOTAL"]
["88629","ARGAMASSA TRAÇO 1:3 (EM VOLUME DE CIMENTO E AREIA MÉDIA ÚMIDA), PREPARO MANUAL. AF_08/2019","SINAPI","M3",{"v":0.4412,"d":"0.44120000"},607.27,267.92]
[{"$nulls":4},"TOTAL Serviço:",null,267.92]
[{"$nulls":4},"VALOR:",null,459.29]
[{"$nulls":4},"VALOR ENCARGOS*:",null,"INCLUSO"]
[{"$nulls":4},"VALOR BDI (22.40%):",null,102.88]
[{"$nulls":4},"VALOR COM BDI:",null,562.17]
[]
["2.2.2. 93205 CINTA DE AMARRAÇÃO DE ALVENARIA MOLDADA IN LOCO COM UTILIZAÇÃO DE BLOCOS CANALETA. AF_03/2016 (M)"]
["Material",null,"FONTE","UNID","COEFICIENTE","PREÇO UNITÁRIO","TOTAL"]
["00000659","CANALETA DE CONCRETO 14 X 19 X 19 CM (CLASSE C - NBR 6136)","SINAPI","UN",{"v":5.34,"d":"5.34000000"},2.53,13.51]
[{"$nulls":4},"TOTAL Material:",null,13.51]
["Mão de Obra com Encargos Complementares",null,"FONTE","UNID","COEFICIENTE","PREÇO UNITÁRIO","TOTAL"]
["88309","PEDREIRO COM ENCARGOS COMPLEMENTARES","SINAPI","H",{"v":0.253,"d":"0.25300000"},24.31,6.15]
["88316","SERVENTE COM ENCARGOS COMPLEMENTARES","SINAPI","H",{"v":0.126,"d":"0.12600000"},19.27,2.42]
[{"$nulls":4},"TOTAL Mão de Obra com Encargos Complementares:",null,8.57]
["Serviço",null,"FONTE","UNID","COEFICIENTE","PREÇO UNITÁRIO","TOTAL"]
["87294","ARGAMASSA TRAÇO 1:2:9 (EM VOLUME DE CIMENTO, CAL E AREIA MÉDIA ÚMIDA) PARA EMBOÇO/MASSA ÚNICA/ASSENTAMENTO DE ALVENARIA DE VEDAÇÃO, PREPARO MECÂNICO COM BETONEIRA 600 L. AF_08/2019","SINAPI","M3",{"v":0.0014,"d":"0.00140000"},{"v":497.2,"d":"497.20"},0.69]
["92802","CORTE E DOBRA DE AÇO CA-50, DIÂMETRO DE 8,0 MM. AF_06/2022","SINAPI","KG",{"v":0.79,"d":"0.79000000"},9.08,7.17]
["90279","GRAUTE FGK=20 MPA; TRAÇO 1:0,04:1,8:2,1 (EM MASSA SECA DE CIMENTO/ CAL/ AREIA GROSSA/ BRITA 0) - PREPARO MECÂNICO COM BETONEIRA 400 L. AF_09/2021","SINAPI","M3",{"v":0.0114,"d":"0.01140000"},506.98,5.77]
[{"$nulls":4},"TOTAL Serviço:",null,13.63]
[{"$nulls":4},"VALOR:",null,35.71]
[{"$nulls":4},"VALOR ENCARGOS*:",null,"INCLUSO"]
[{"$nulls":4},"VALOR BDI (22.40%):",null,7.99]
[{"$nulls":4},"VALOR COM BDI:",null,{"v":43.7,"d":"43.70"}]
[]
["2.2.3. 103329 ALVENARIA DE VEDAÇÃO DE BLOCOS CERÂMICOS FURADOS NA HORIZONTAL DE 9X19X19 CM (ESPESSURA 9 CM) E ARGAMASSA DE ASSENTAMENTO COM PREPARO MANUAL. AF_12/2021 (M2)"]
["Material",null,"FONTE","UNID","COEFICIENTE","PREÇO UNITÁRIO","TOTAL"]
["00007271","BLOCO CERAMICO / TIJOLO VAZADO PARA ALVENARIA DE VEDACAO, 8 FUROS NA HORIZONTAL, DE 9 X 19 X 19 CM (L XA X C)","SINAPI","UN",{"v":28.31,"d":"28.31000000"},0.67,18.96]
["00037395","PINO DE ACO COM FURO, HASTE = 27 MM (ACAO DIRETA)","SINAPI","CENTO",{"v":0.005,"d":"0.00500000"},38.85,0.19]
["00034557","TELA DE ACO SOLDADA GALVANIZADA/ZINCADA PARA ALVENARIA, FIO D = *1,20 A 1,70* MM, MALHA 15 X 15 MM, (C X L) *50 X 7,5* CM","SINAPI","M",{"v":0.42,"d":"0.42000000"},{"v":2,"d":"2.00"},0.84]
[{"$nulls":4},"TOTAL Material:",null,19.99]
["Mão de Obra com Encargos Complementares",null,"FONTE","UNID","COEFICIENTE","PREÇO UNITÁRIO","TOTAL"]
["88309","PEDREIRO COM ENCARGOS COMPLEMENTARES","SINAPI","H",{"v":1.61,"d":"1.61000000"},24.31,39.13]
["88316","SERVENTE COM ENCARGOS COMPLEMENTARES","SINAPI","H",{"v":0.805,"d":"0.80500000"},19.27,15.51]
[{"$nulls":4},"TOTAL Mão de Obra com Encargos Complementares:",null,54.64]
["Serviço",null,"FONTE","UNID","COEFICIENTE","PREÇO UNITÁRIO","TOTAL"]
["87369","ARGAMASSA TRAÇO 1:2:8 (EM VOLUME DE CIMENTO, CAL E AREIA MÉDIA ÚMIDA) PARA EMBOÇO/MASSA ÚNICA/ASSENTAMENTO DE ALVENARIA DE VEDAÇÃO, PREPARO MANUAL. AF_08/2019","SINAPI","M3",{"v":0.0091,"d":"0.00910000"},647.15,5.88]
[{"$nulls":4},"TOTAL Serviço:",null,5.88]
[{"$nulls":4},"VALOR:",null,80.51]
[{"$nulls":4},"VALOR ENCARGOS*:",null,"INCLUSO"]
[{"$nulls":4},"VALOR BDI (22.40%):",null,18.03]
[{"$nulls":4},"VALOR COM BDI:",null,98.54]
[]
["2.3.1. 92544 TRAMA DE MADEIRA COMPOSTA POR TERÇAS PARA TELHADOS DE ATÉ 2 ÁGUAS PARA TELHA ESTRUTURAL DE FIBROCIMENTO, INCLUSO TRANSPORTE VERTICAL. AF_07/2019 (M2)"]
["Equipamento Custo Horário",null,"FONTE","UNID","COEFICIENTE","PREÇO UNITÁRIO","TOTAL"]
["93282","GUINCHO ELÉTRICO DE COLUNA, CAPACIDADE 400 KG, COM MOTO FREIO, MOTOR TRIFÁSICO DE 1,25 CV - CHI DIURNO. AF_03/2016","SINAPI","CHI",{"v":0.0041,"d":"0.00410000"},20.05,0.08]
["93281","GUINCHO ELÉTRICO DE COLUNA, CAPACIDADE 400 KG, COM MOTO FREIO, MOTOR TRIFÁSICO DE 1,25 CV - CHP DIURNO. AF_03/2016","SINAPI","CHP",{"v":0.003,"d":"0.00300000"},20.84,0.06]
[{"$nulls":4},"TOTAL Equipamento Custo Horário:",null,0.14]
["Material",null,"FONTE","UNID","COEFICIENTE","PREÇO UNITÁRIO","TOTAL"]
["00040568","PREGO DE ACO POLIDO COM CABECA 22 X 48 (4 1/4 X 5)","SINAPI","KG",{"v":0.02,"d":"0.02000000"},19.75,0.39]
["00004472","VIGA NAO APARELHADA *6 X 16* CM, EM MACARANDUBA/MASSARANDUBA, ANGELIM OU EQUIVALENTE DA REGIAO - BRUTA","SINAPI","M",{"v":0.406,"d":"0.40600000"},26.72,10.84]
[{"$nulls":4},"TOTAL Material:",null,11.23]
["Mão de Obra com Encargos Complementares",null,"FONTE","UNID","COEFICIENTE","PREÇO UNITÁRIO","TOTAL"]
["88239","AJUDANTE DE CARPINTEIRO COM ENCARGOS COMPLEMENTARES","SINAPI","H",{"v":0.048,"d":"0.04800000"},19.93,0.95]
["88262","CARPINTEIRO DE FORMAS COM ENCARGOS COMPLEMENTARES","SINAPI","H",{"v":0.099,"d":"0.09900000"},23.96,2.37]
[{"$nulls":4},"TOTAL Mão de Obra com Encargos Complementares:",null,3.32]
[{"$nulls":4},"VALOR:",null,14.69]
[{"$nulls":4},"VALOR ENCARGOS*:",null,"INCLUSO"]
[{"$nulls":4},"VALOR BDI (22.40%):",null,3.29]
[{"$nulls":4},"VALOR COM BDI:",null,17.98]
[]
["2.3.2. 94210 TELHAMENTO COM TELHA ONDULADA DE FIBROCIMENTO E = 6 MM, COM RECOBRIMENTO LATERAL DE 1 1/4 DE ONDA PARA TELHADO COM INCLINAÇÃO MÁXIMA DE 10°, COM ATÉ 2 ÁGUAS, INCLUSO IÇAMENTO. AF_07/2019 (M2)"]
["Equipamento Custo Horário",null,"FONTE","UNID","COEFICIENTE","PREÇO UNITÁRIO","TOTAL"]
["93282","GUINCHO ELÉTRICO DE COLUNA, CAPACIDADE 400 KG, COM MOTO FREIO, MOTOR TRIFÁSICO DE 1,25 CV - CHI DIURNO. AF_03/2016","SINAPI","CHI",{"v":0.0073,"d":"0.00730000"},20.05,0.14]
["93281","GUINCHO ELÉTRICO DE COLUNA, CAPACIDADE 400 KG, COM MOTO FREIO, MOTOR TRIFÁSICO DE 1,25 CV - CHP DIURNO. AF_03/2016","SINAPI","CHP",{"v":0.0053,"d":"0.00530000"},20.84,0.11]
[{"$nulls":4},"TOTAL Equipamento Custo Horário:",null,0.25]
["Material",null,"FONTE","UNID","COEFICIENTE","PREÇO UNITÁRIO","TOTAL"]
["00001607","CONJUNTO ARRUELAS DE VEDACAO 5/16\" PARA TELHA FIBROCIMENTO (UMA ARRUELA METALICA E UMA ARRUELA PVC - CONICAS)","SINAPI","CJ",{"v":1.26,"d":"1.26000000"},0.27,0.34]
["00004302","PARAFUSO ZINCADO ROSCA SOBERBA, CABECA SEXTAVADA, 5/16 \" X 250 MM, PARA FIXACAO DE TELHA EM MADEIRA","SINAPI","UN",{"v":1.26,"d":"1.26000000"},4.28,5.39]
["00007194","TELHA DE FIBROCIMENTO ONDULADA E = 6 MM, DE 2,44 X 1,10 M (SEM AMIANTO)","SINAPI","M2",{"v":1.357,"d":"1.35700000"},33.26,45.13]
[{"$nulls":4},"TOTAL Material:",null,50.86]
["Mão de Obra com Encargos Complementares",null,"FONTE","UNID","COEFICIENTE","PREÇO UNITÁRIO","TOTAL"]
["88316","SERVENTE COM ENCARGOS COMPLEMENTARES","SINAPI","H",{"v":0.166,"d":"0.16600000"},19.27,3.19]
["88323","TELHADISTA COM ENCARGOS COMPLEMENTARES","SINAPI","H",{"v":0.128,"d":"0.12800000"},23.73,3.03]
[{"$nulls":4},"TOTAL Mão de Obra com Encargos Complementares:",null,6.22]
[{"$nulls":4},"VALOR:",null,57.33]
[{"$nulls":4},"VALOR ENCARGOS*:",null,"INCLUSO"]
[{"$nulls":4},"VALOR BDI (22.40%):",null,12.84]
[{"$nulls":4},"VALOR COM BDI:",null,70.17]
[]
["2.3.3. S00304 Rufo de concreto armado fck=20mpa l=30cm e h=5cm (m)"]
["Encargos Complementares",null,"FONTE","UNID","COEFICIENTE","PREÇO UNITÁRIO","TOTAL"]
["S10551","Encargos Complementares - Carpinteiro","ORSE","h",0.19621948,3.71,0.73]
["S10550","Encargos Complementares - Pedreiro","ORSE","h",0.39243896,3.72,1.46]
["S10549","Encargos Complementares - Servente","ORSE","h",0.19621948,3.82,0.75]
[{"$nulls":4},"TOTAL Encargos Complementares:",null,2.94]
["Material",null,"FONTE","UNID","COEFICIENTE","PREÇO UNITÁRIO","TOTAL"]
["I43132S","Arame recozido 16 bwg, d = 1,65 mm (0,016 kg/m) ou 18 bwg, d = 1,25 mm (0,01 kg/m)","ORSE","kg",{"v":0.0765256,"d":"0.07652560"},29.38,2.25]
["I00367S","Areia grossa - posto jazida/fornecedor (retirado na jazida,sem transporte)","ORSE","m3",{"v":9.811E-4,"d":"0.00098110"},107.36,0.11]
["I01379S","Cimento portland composto cp ii-32","ORSE","kg",4.89232911,0.76,3.72]
["I04721S","Pedra britada n. 1 (9,5 a 19 mm) posto pedreira/fornecedor,sem frete","ORSE","m3",0.01275427,129.74,1.65]
["I01886","Prego 1 1/2\" x 13 (15 x 18)","ORSE","kg",0.00981097,18.39,0.18]
["I10567S","Tabua *2,5 x 23* cm em pinus, mista ou equivalente da regiao - bruta","ORSE","m",0.03433841,{"v":11.7,"d":"11.70"},{"v":0.4,"d":"0.40"}]
[{"$nulls":4},"TOTAL Material:",null,8.31]
["Mão de Obra",null,"FONTE","UNID","COEFICIENTE","PREÇO UNITÁRIO","TOTAL"]
["00001213","CARPINTEIRO DE FORMAS (HORISTA)","SINAPI","H",0.19621948,18.64,3.66]
["00004750","PEDREIRO (HORISTA)","SINAPI","H",0.39243896,18.64,7.32]
["00006111","SERVENTE DE OBRAS (HORISTA)","SINAPI","H",0.19621948,13.84,2.72]
[{"$nulls":4},"TOTAL Mão de Obra:",null,{"v":13.7,"d":"13.70"}]
["Serviço",null,"FONTE","UNID","COEFICIENTE","PREÇO UNITÁRIO","TOTAL"]
["S00140","Aço CA - 50 Ø 6,3 a 12,5mm, inclusive corte, dobragem, montagem e colocacao de ferragens nas formas, para superestruturas e fundações - R1","ORSE","kg",{"v":0.9810974,"d":"0.98109740"},{"v":12.5,"d":"12.50"},12.26]
[{"$nulls":4},"TOTAL Serviço:",null,12.26]
[{"$nulls":4},"VALOR:",null,37.21]
[{"$nulls":4},"VALOR ENCARGOS*:",null,"INCLUSO"]
[{"$nulls":4},"VALOR BDI (22.40%):",null,8.33]
[{"$nulls":4},"VALOR COM BDI:",null,45.54]
[]
["2.3.4. 94228 CALHA EM CHAPA DE AÇO GALVANIZADO NÚMERO 24, DESENVOLVIMENTO DE 50 CM, INCLUSO TRANSPORTE VERTICAL. AF_07/2019 (M)"]
["Equipamento Custo Horário",null,"FONTE","UNID","COEFICIENTE","PREÇO UNITÁRIO","TOTAL"]
["93282","GUINCHO ELÉTRICO DE COLUNA, CAPACIDADE 400 KG, COM MOTO FREIO, MOTOR TRIFÁSICO DE 1,25 CV - CHI DIURNO. AF_03/2016","SINAPI","CHI",{"v":0.0183,"d":"0.01830000"},20.05,0.36]
["93281","GUINCHO ELÉTRICO DE COLUNA, CAPACIDADE 400 KG, COM MOTO FREIO, MOTOR TRIFÁSICO DE 1,25 CV - CHP DIURNO. AF_03/2016","SINAPI","CHP",{"v":0.0132,"d":"0.01320000"},20.84,0.27]
[{"$nulls":4},"TOTAL Equipamento Custo Horário:",null,0.63]
["Material",null,"FONTE","UNID","COEFICIENTE","PREÇO UNITÁRIO","TOTAL"]
["00040783","CALHA QUADRADA DE CHAPA DE ACO GALVANIZADA NUM 24, CORTE 50 CM","SINAPI","M",{"v":1.05,"d":"1.05000000"},45.07,47.32]
["00005061","PREGO DE ACO POLIDO COM CABECA 18 X 27 (2 1/2 X 10)","SINAPI","KG",{"v":0.013,"d":"0.01300000"},19.27,0.25]
["00005104","REBITE DE REPUXO EM ALUMINIO VAZADO, DIAMETRO 3,2 X 8 MM DE COMPRIMENTO (1KG = 1025 UNIDADES)","SINAPI","KG",{"v":0.0024,"d":"0.00240000"},58.33,0.13]
["00000142","SELANTE ELASTICO MONOCOMPONENTE A BASE DE POLIURETANO (PU) PARA JUNTAS DIVERSAS","SINAPI","310ML",{"v":0.081,"d":"0.08100000"},47.22,3.82]
["00013388","SOLDA EM BARRA DE ESTANHO-CHUMBO 50/50","SINAPI","KG",{"v":0.09,"d":"0.09000000"},191.77,17.25]
[{"$nulls":4},"TOTAL Material:",null,68.77]
["Mão de Obra com Encargos Complementares",null,"FONTE","UNID","COEFICIENTE","PREÇO UNITÁRIO","TOTAL"]
["88316","SERVENTE COM ENCARGOS COMPLEMENTARES","SINAPI","H",{"v":0.371,"d":"0.37100000"},19.27,7.14]
["88323","TELHADISTA COM ENCARGOS COMPLEMENTARES","SINAPI","H",{"v":0.277,"d":"0.27700000"},23.73,6.57]
[{"$nulls":4},"TOTAL Mão de Obra com Encargos Complementares:",null,13.71]
[{"$nulls":4},"VALOR:",null,83.11]
[{"$nulls":4},"VALOR ENCARGOS*:",null,"INCLUSO"]
[{"$nulls":4},"VALOR BDI (22.40%):",null,18.61]
[{"$nulls":4},"VALOR COM BDI:",null,101.72]
[]
["2.3.5. S12841 Manta de polietileno expandido, com 1 face metalizada para subcobertura,  e = *5* mm (m2)"]
["Encargos Complementares",null,"FONTE","UNID","COEFICIENTE","PREÇO UNITÁRIO","TOTAL"]
["S10551","Encargos Complementares - Carpinteiro","ORSE","h",{"v":0.2,"d":"0.20000000"},3.71,0.74]
["S10549","Encargos Complementares - Servente","ORSE","h",{"v":0.2,"d":"0.20000000"},3.82,0.76]
[{"$nulls":4},"TOTAL Encargos Complementares:",null,{"v":1.5,"d":"1.50"}]
["Material",null,"FONTE","UNID","COEFICIENTE","PREÇO UNITÁRIO","TOTAL"]
["I42529S","Fita adesiva aluminizada, para instalacao de mantas de subcobertura,  l = *5* cm","ORSE","m",{"v":0.88,"d":"0.88000000"},{"v":1.3,"d":"1.30"},1.14]
["I42527S","Manta de polietileno expandido, com 1 face metalizada para subcobertura,  e = *5* mm","ORSE","m2",{"v":1.1,"d":"1.10000000"},23.17,25.49]
[{"$nulls":4},"TOTAL Material:",null,26.63]
["Mão de Obra",null,"FONTE","UNID","COEFICIENTE","PREÇO UNITÁRIO","TOTAL"]
["00001213","CARPINTEIRO DE FORMAS (HORISTA)","SINAPI","H",{"v":0.2,"d":"0.20000000"},18.64,3.73]
["00006111","SERVENTE DE OBRAS (HORISTA)","SINAPI","H",{"v":0.2,"d":"0.20000000"},13.84,2.77]
[{"$nulls":4},"TOTAL Mão de Obra:",null,{"v":6.5,"d":"6.50"}]
[{"$nulls":4},"VALOR:",null,34.63]
[{"$nulls":4},"VALOR ENCARGOS*:",null,"INCLUSO"]
[{"$nulls":4},"VALOR BDI (22.40%):",null,7.75]
[{"$nulls":4},"VALOR COM BDI:",null,42.38]
[]
["2.4.1. 100323 LASTRO COM MATERIAL GRANULAR (AREIA MÉDIA), APLICADO EM PISOS OU LAJES SOBRE SOLO, ESPESSURA DE *10 CM*. AF_07/2019 (M3)"]
["Equipamento Custo Horário",null,"FONTE","UNID","COEFICIENTE","PREÇO UNITÁRIO","TOTAL"]
["91278","PLACA VIBRATÓRIA REVERSÍVEL COM MOTOR 4 TEMPOS A GASOLINA, FORÇA CENTRÍFUGA DE 25 KN (2500 KGF), POTÊNCIA 5,5 CV - CHI DIURNO. AF_08/2015","SINAPI","CHI",{"v":0.03,"d":"0.03000000"},0.61,0.01]
["91277","PLACA VIBRATÓRIA REVERSÍVEL COM MOTOR 4 TEMPOS A GASOLINA, FORÇA CENTRÍFUGA DE 25 KN (2500 KGF), POTÊNCIA 5,5 CV - CHP DIURNO. AF_08/2015","SINAPI","CHP",{"v":0.032,"d":"0.03200000"},8.86,0.28]
[{"$nulls":4},"TOTAL Equipamento Custo Horário:",null,0.29]
["Material",null,"FONTE","UNID","COEFICIENTE","PREÇO UNITÁRIO","TOTAL"]
["00000370","AREIA MEDIA - POSTO JAZIDA/FORNECEDOR (RETIRADO NA JAZIDA, SEM TRANSPORTE)","SINAPI","M3",{"v":1.13,"d":"1.13000000"},{"v":110.8,"d":"110.80"},{"v":125.2,"d":"125.20"}]
[{"$nulls":4},"TOTAL Material:",null,{"v":125.2,"d":"125.20"}]
["Mão de Obra com Encargos Complementares",null,"FONTE","UNID","COEFICIENTE","PREÇO UNITÁRIO","TOTAL"]
["88309","PEDREIRO COM ENCARGOS COMPLEMENTARES","SINAPI","H",{"v":1.03,"d":"1.03000000"},24.31,25.03]
["88316","SERVENTE COM ENCARGOS COMPLEMENTARES","SINAPI","H",{"v":0.343,"d":"0.34300000"},19.27,{"v":6.6,"d":"6.60"}]
[{"$nulls":4},"TOTAL Mão de Obra com Encargos Complementares:",null,31.63]
[{"$nulls":4},"VALOR:",null,157.12]
[{"$nulls":4},"VALOR ENCARGOS*:",null,"INCLUSO"]
[{"$nulls":4},"VALOR BDI (22.40%):",null,35.19]
[{"$nulls":4},"VALOR COM BDI:",null,192.31]
[]
["2.4.2. 90944 CONTRAPISO ACÚSTICO EM ARGAMASSA PRONTA, PREPARO MANUAL, APLICADO EM ÁREAS SECA, ACABAMENTO NÃO REFORÇADO, ESPESSURA 6CM. AF_07/2021 (M2)"]
["Material",null,"FONTE","UNID","COEFICIENTE","PREÇO UNITÁRIO","TOTAL"]
["00038545","MANTA DE POLIETILENO EXPANDIDO (PEBD), E = 5 MM","SINAPI","M2",{"v":1.435,"d":"1.43500000"},7.14,10.24]
["00010931","TELA DE ARAME GALVANIZADA, HEXAGONAL, FIO 0,56 MM (24 BWG), MALHA 1/2\", H = 1 M","SINAPI","M2",{"v":1.143,"d":"1.14300000"},11.62,13.28]
[{"$nulls":4},"TOTAL Material:",null,23.52]
["Mão de Obra com Encargos Complementares",null,"FONTE","UNID","COEFICIENTE","PREÇO UNITÁRIO","TOTAL"]
["88309","PEDREIRO COM ENCARGOS COMPLEMENTARES","SINAPI","H",{"v":0.502,"d":"0.50200000"},24.31,{"v":12.2,"d":"12.20"}]
["88316","SERVENTE COM ENCARGOS COMPLEMENTARES","SINAPI","H",{"v":0.251,"d":"0.25100000"},19.27,4.83]
[{"$nulls":4},"TOTAL Mão de Obra com Encargos Complementares:",null,17.03]
["Serviço",null,"FONTE","UNID","COEFICIENTE","PREÇO UNITÁRIO","TOTAL"]
["87399","ARGAMASSA PRONTA PARA CONTRAPISO, PREPARO MANUAL. AF_08/2019","SINAPI","M3",{"v":0.0661,"d":"0.06610000"},{"v":2085.62,"d":"2,085.62"},137.85]
[{"$nulls":4},"TOTAL Serviço:",null,137.85]
[{"$nulls":4},"VALOR:",null,{"v":178.4,"d":"178.40"}]
[{"$nulls":4},"VALOR ENCARGOS*:",null,"INCLUSO"]
[{"$nulls":4},"VALOR BDI (22.40%):",null,39.96]
[{"$nulls":4},"VALOR COM BDI:",null,218.36]
[]
["2.4.3. 87263 REVESTIMENTO CERÂMICO PARA PISO COM PLACAS TIPO PORCELANATO DE DIMENSÕES 60X60 CM APLICADA EM AMBIENTES DE ÁREA MAIOR QUE 10 M². AF_02/2023_PE (M2)"]
["Material",null,"FONTE","UNID","COEFICIENTE","PREÇO UNITÁRIO","TOTAL"]
["00037595","ARGAMASSA COLANTE TIPO AC III","SINAPI","KG",{"v":9.13,"d":"9.13000000"},2.37,21.63]
["00038195","PISO EM PORCELANATO, BORDA RETA, EXTRA, LISO, MONOCOLOR, ACETINADO OU POLIDO, FORMATO MAIOR QUE 2025 CM2","SINAPI","M2",{"v":1.069,"d":"1.06900000"},115.57,123.54]
["00034357","REJUNTE CIMENTICIO, QUALQUER COR","SINAPI","KG",{"v":0.141,"d":"0.14100000"},4.51,0.63]
[{"$nulls":4},"TOTAL Material:",null,{"v":145.8,"d":"145.80"}]
["Mão de Obra com Encargos Complementares",null,"FONTE","UNID","COEFICIENTE","PREÇO UNITÁRIO","TOTAL"]
["88256","AZULEJISTA OU LADRILHISTA COM ENCARGOS COMPLEMENTARES","SINAPI","H",{"v":0.5203,"d":"0.52030000"},24.17,12.57]
["88316","SERVENTE COM ENCARGOS COMPLEMENTARES","SINAPI","H",{"v":0.1674,"d":"0.16740000"},19.27,3.22]
[{"$nulls":4},"TOTAL Mão de Obra com Encargos Complementares:",null,15.79]
[{"$nulls":4},"VALOR:",null,161.59]
[{"$nulls":4},"VALOR ENCARGOS*:",null,"INCLUSO"]
[{"$nulls":4},"VALOR BDI (22.40%):",null,36.19]
[{"$nulls":4},"VALOR COM BDI:",null,197.78]
[]
["2.5.1. 87893 CHAPISCO APLICADO EM ALVENARIA (SEM PRESENÇA DE VÃOS) E ESTRUTURAS DE CONCRETO DE FACHADA, COM COLHER DE PEDREIRO.  ARGAMASSA TRAÇO 1:3 COM PREPARO MANUAL. AF_10/2022 (M2)"]
["Mão de Obra com Encargos Complementares",null,"FONTE","UNID","COEFICIENTE","PREÇO UNITÁRIO","TOTAL"]
["88309","PEDREIRO COM ENCARGOS COMPLEMENTARES","SINAPI","H",{"v":0.1394,"d":"0.13940000"},24.31,3.38]
["88316","SERVENTE COM ENCARGOS COMPLEMENTARES","SINAPI","H",{"v":0.0465,"d":"0.04650000"},19.27,0.89]
[{"$nulls":4},"TOTAL Mão de Obra com Encargos Complementares:",null,4.27]
["Serviço",null,"FONTE","UNID","COEFICIENTE","PREÇO UNITÁRIO","TOTAL"]
["87377","ARGAMASSA TRAÇO 1:3 (EM VOLUME DE CIMENTO E AREIA GROSSA ÚMIDA) PARA CHAPISCO CONVENCIONAL, PREPARO MANUAL. AF_08/2019","SINAPI","M3",{"v":0.0037,"d":"0.00370000"},601.01,2.22]
[{"$nulls":4},"TOTAL Serviço:",null,2.22]
[{"$nulls":4},"VALOR:",null,6.49]
[{"$nulls":4},"VALOR ENCARGOS*:",null,"INCLUSO"]
[{"$nulls":4},"VALOR BDI (22.40%):",null,1.45]
[{"$nulls":4},"VALOR COM BDI:",null,7.94]
[]
["2.5.2. 87530 MASSA ÚNICA, PARA RECEBIMENTO DE PINTURA, EM ARGAMASSA TRAÇO 1:2:8, PREPARO MANUAL, APLICADA MANUALMENTE EM FACES INTERNAS DE PAREDES, ESPESSURA DE 20MM, COM EXECUÇÃO DE TALISCAS. AF_06/2014 (M2)"]
["Mão de Obra com Encargos Complementares",null,"FONTE","UNID","COEFICIENTE","PREÇO UNITÁRIO","TOTAL"]
["88309","PEDREIRO COM ENCARGOS COMPLEMENTARES","SINAPI","H",{"v":0.47,"d":"0.47000000"},24.31,11.42]
["88316","SERVENTE COM ENCARGOS COMPLEMENTARES","SINAPI","H",{"v":0.171,"d":"0.17100000"},19.27,3.29]
[{"$nulls":4},"TOTAL Mão de Obra com Encargos Complementares:",null,14.71]
["Serviço",null,"FONTE","UNID","COEFICIENTE","PREÇO UNITÁRIO","TOTAL"]
["87369","ARGAMASSA TRAÇO 1:2:8 (EM VOLUME DE CIMENTO, CAL E AREIA MÉDIA ÚMIDA) PARA EMBOÇO/MASSA ÚNICA/ASSENTAMENTO DE ALVENARIA DE VEDAÇÃO, PREPARO MANUAL. AF_08/2019","SINAPI","M3",{"v":0.0376,"d":"0.03760000"},647.15,24.33]
[{"$nulls":4},"TOTAL Serviço:",null,24.33]
[{"$nulls":4},"VALOR:",null,39.04]
[{"$nulls":4},"VALOR ENCARGOS*:",null,"INCLUSO"]
[{"$nulls":4},"VALOR BDI (22.40%):",null,8.74]
[{"$nulls":4},"VALOR COM BDI:",null,47.78]
[]
["2.6.1. 88485 FUNDO SELADOR ACRÍLICO, APLICAÇÃO MANUAL EM PAREDE, UMA DEMÃO. AF_04/2023 (M2)"]
["Material",null,"FONTE","UNID","COEFICIENTE","PREÇO UNITÁRIO","TOTAL"]
["00006085","SELADOR ACRILICO OPACO PREMIUM INTERIOR/EXTERIOR","SINAPI","L",{"v":0.1666,"d":"0.16660000"},9.68,1.61]
[{"$nulls":4},"TOTAL Material:",null,1.61]
["Mão de Obra com Encargos Complementares",null,"FONTE","UNID","COEFICIENTE","PREÇO UNITÁRIO","TOTAL"]
["88310","PINTOR COM ENCARGOS COMPLEMENTARES","SINAPI","H",{"v":0.0666,"d":"0.06660000"},25.51,1.69]
["88316","SERVENTE COM ENCARGOS COMPLEMENTARES","SINAPI","H",{"v":0.0222,"d":"0.02220000"},19.27,0.42]
[{"$nulls":4},"TOTAL Mão de Obra com Encargos Complementares:",null,2.11]
[{"$nulls":4},"VALOR:",null,3.72]
[{"$nulls":4},"VALOR ENCARGOS*:",null,"INCLUSO"]
[{"$nulls":4},"VALOR BDI (22.40%):",null,0.83]
[{"$nulls":4},"VALOR COM BDI:",null,4.55]
[]
["2.6.2. 88497 EMASSAMENTO COM MASSA LÁTEX, APLICAÇÃO EM PAREDE, DUAS DEMÃOS, LIXAMENTO MANUAL. AF_04/2023 (M2)"]
["Material",null,"FONTE","UNID","COEFICIENTE","PREÇO UNITÁRIO","TOTAL"]
["00003767","LIXA EM FOLHA PARA PAREDE OU MADEIRA, NUMERO 120, COR VERMELHA","SINAPI","UN",{"v":0.0802,"d":"0.08020000"},0.97,0.07]
["00043626","MASSA CORRIDA PARA SUPERFICIES DE AMBIENTES INTERNOS","SINAPI","KG",{"v":1.3389,"d":"1.33890000"},2.89,3.86]
[{"$nulls":4},"TOTAL Material:",null,3.93]
["Mão de Obra com Encargos Complementares",null,"FONTE","UNID","COEFICIENTE","PREÇO UNITÁRIO","TOTAL"]
["88310","PINTOR COM ENCARGOS COMPLEMENTARES","SINAPI","H",{"v":0.361,"d":"0.36100000"},25.51,{"v":9.2,"d":"9.20"}]
["88316","SERVENTE COM ENCARGOS COMPLEMENTARES","SINAPI","H",{"v":0.1203,"d":"0.12030000"},19.27,2.31]
[{"$nulls":4},"TOTAL Mão de Obra com Encargos Complementares:",null,11.51]
[{"$nulls":4},"VALOR:",null,15.44]
[{"$nulls":4},"VALOR ENCARGOS*:",null,"INCLUSO"]
[{"$nulls":4},"VALOR BDI (22.40%):",null,3.45]
[{"$nulls":4},"VALOR COM BDI:",null,18.89]
[]
["2.6.3. 88487 APLICAÇÃO MANUAL DE PINTURA COM TINTA LÁTEX PVA EM PAREDES, DUAS DEMÃOS. AF_06/2014 (M2)"]
["Material",null,"FONTE","UNID","COEFICIENTE","PREÇO UNITÁRIO","TOTAL"]
["00007356","TINTA LATEX ACRILICA PREMIUM, COR BRANCO FOSCO","SINAPI","L",{"v":0.33,"d":"0.33000000"},22.87,7.54]
[{"$nulls":4},"TOTAL Material:",null,7.54]
["Mão de Obra com Encargos Complementares",null,"FONTE","UNID","COEFICIENTE","PREÇO UNITÁRIO","TOTAL"]
["88310","PINTOR COM ENCARGOS COMPLEMENTARES","SINAPI","H",{"v":0.13,"d":"0.13000000"},25.51,3.31]
["88316","SERVENTE COM ENCARGOS COMPLEMENTARES","SINAPI","H",{"v":0.048,"d":"0.04800000"},19.27,0.92]
[{"$nulls":4},"TOTAL Mão de Obra com Encargos Complementares:",null,4.23]
[{"$nulls":4},"VALOR:",null,11.77]
[{"$nulls":4},"VALOR ENCARGOS*:",null,"INCLUSO"]
[{"$nulls":4},"VALOR BDI (22.40%):",null,2.63]
[{"$nulls":4},"VALOR COM BDI:",null,{"v":14.4,"d":"14.40"}]
[]
["2.6.4. 95626 APLICAÇÃO MANUAL DE TINTA LÁTEX ACRÍLICA EM PAREDE EXTERNAS DE CASAS, DUAS DEMÃOS. AF_11/2016 (M2)"]
["Material",null,"FONTE","UNID","COEFICIENTE","PREÇO UNITÁRIO","TOTAL"]
["00007356","TINTA LATEX ACRILICA PREMIUM, COR BRANCO FOSCO","SINAPI","L",{"v":0.2,"d":"0.20000000"},22.87,4.57]
[{"$nulls":4},"TOTAL Material:",null,4.57]
["Mão de Obra com Encargos Complementares",null,"FONTE","UNID","COEFICIENTE","PREÇO UNITÁRIO","TOTAL"]
["88310","PINTOR COM ENCARGOS COMPLEMENTARES","SINAPI","H",{"v":0.344,"d":"0.34400000"},25.51,8.77]
["88316","SERVENTE COM ENCARGOS COMPLEMENTARES","SINAPI","H",{"v":0.086,"d":"0.08600000"},19.27,1.65]
[{"$nulls":4},"TOTAL Mão de Obra com Encargos Complementares:",null,10.42]
[{"$nulls":4},"VALOR:",null,14.99]
[{"$nulls":4},"VALOR ENCARGOS*:",null,"INCLUSO"]
[{"$nulls":4},"VALOR BDI (22.40%):",null,3.35]
[{"$nulls":4},"VALOR COM BDI:",null,18.34]
[]
["2.6.5. 96135 APLICAÇÃO MANUAL DE MASSA ACRÍLICA EM PAREDES EXTERNAS DE CASAS, DUAS DEMÃOS. AF_05/2017 (M2)"]
["Material",null,"FONTE","UNID","COEFICIENTE","PREÇO UNITÁRIO","TOTAL"]
["00003767","LIXA EM FOLHA PARA PAREDE OU MADEIRA, NUMERO 120, COR VERMELHA","SINAPI","UN",{"v":0.1,"d":"0.10000000"},0.97,0.09]
["00043651","MASSA ACRILICA PARA SUPERFICIES INTERNAS E EXTERNAS","SINAPI","KG",{"v":1.55184,"d":"1.55184000"},5.19,8.05]
[{"$nulls":4},"TOTAL Material:",null,8.14]
["Mão de Obra com Encargos Complementares",null,"FONTE","UNID","COEFICIENTE","PREÇO UNITÁRIO","TOTAL"]
["88310","PINTOR COM ENCARGOS COMPLEMENTARES","SINAPI","H",{"v":0.571,"d":"0.57100000"},25.51,14.56]
["88316","SERVENTE COM ENCARGOS COMPLEMENTARES","SINAPI","H",{"v":0.143,"d":"0.14300000"},19.27,2.75]
[{"$nulls":4},"TOTAL Mão de Obra com Encargos Complementares:",null,17.31]
[{"$nulls":4},"VALOR:",null,25.45]
[{"$nulls":4},"VALOR ENCARGOS*:",null,"INCLUSO"]
[{"$nulls":4},"VALOR BDI (22.40%):",null,{"v":5.7,"d":"5.70"}]
[{"$nulls":4},"VALOR COM BDI:",null,31.15]
[]
["2.7.1. 91981 INTERRUPTOR BIPOLAR (1 MÓDULO), 10A/250V, INCLUINDO SUPORTE E PLACA - FORNECIMENTO E INSTALAÇÃO. AF_03/2023 (UN)"]
["Serviço",null,"FONTE","UNID","COEFICIENTE","PREÇO UNITÁRIO","TOTAL"]
["91980","INTERRUPTOR BIPOLAR (1 MÓDULO), 10A/250V, SEM SUPORTE E SEM PLACA - FORNECIMENTO E INSTALAÇÃO. AF_03/2023","SINAPI","UN",{"v":1,"d":"1.00000000"},33.88,33.88]
["91946","SUPORTE PARAFUSADO COM PLACA DE ENCAIXE 4\" X 2\" MÉDIO (1,30 M DO PISO) PARA PONTO ELÉTRICO - FORNECIMENTO E INSTALAÇÃO. AF_03/2023","SINAPI","UN",{"v":1,"d":"1.00000000"},9.67,9.67]
[{"$nulls":4},"TOTAL Serviço:",null,43.55]
[{"$nulls":4},"VALOR:",null,43.55]
[{"$nulls":4},"VALOR ENCARGOS*:",null,"INCLUSO"]
[{"$nulls":4},"VALOR BDI (22.40%):",null,9.75]
[{"$nulls":4},"VALOR COM BDI:",null,{"v":53.3,"d":"53.30"}]
[]
["2.7.2. 91990 TOMADA ALTA DE EMBUTIR (1 MÓDULO), 2P+T 10 A, SEM SUPORTE E SEM PLACA - FORNECIMENTO E INSTALAÇÃO. AF_03/2023 (UN)"]
["Material",null,"FONTE","UNID","COEFICIENTE","PREÇO UNITÁRIO","TOTAL"]
["00038101","TOMADA 2P+T 10A, 250V  (APENAS MODULO)","SINAPI","UN",{"v":1,"d":"1.00000000"},6.92,6.92]
[{"$nulls":4},"TOTAL Material:",null,6.92]
["Mão de Obra com Encargos Complementares",null,"FONTE","UNID","COEFICIENTE","PREÇO UNITÁRIO","TOTAL"]
["88247","AUXILIAR DE ELETRICISTA COM ENCARGOS COMPLEMENTARES","SINAPI","H",{"v":0.511,"d":"0.51100000"},20.44,10.44]
["88264","ELETRICISTA COM ENCARGOS COMPLEMENTARES","SINAPI","H",{"v":0.511,"d":"0.51100000"},24.65,12.59]
[{"$nulls":4},"TOTAL Mão de Obra com Encargos Complementares:",null,23.03]
[{"$nulls":4},"VALOR:",null,29.95]
[{"$nulls":4},"VALOR ENCARGOS*:",null,"INCLUSO"]
[{"$nulls":4},"VALOR BDI (22.40%):",null,{"v":6.7,"d":"6.70"}]
[{"$nulls":4},"VALOR COM BDI:",null,36.65]
[]
["2.7.3. 97593 LUMINÁRIA TIPO SPOT, DE SOBREPOR, COM 1 LÂMPADA FLUORESCENTE DE 15 W, SEM REATOR - FORNECIMENTO E INSTALAÇÃO. AF_02/2020 (UN)"]
["Material",null,"FONTE","UNID","COEFICIENTE","PREÇO UNITÁRIO","TOTAL"]
["00038191","LAMPADA FLUORESCENTE COMPACTA 2U BRANCA 15 W, BASE E27 (127/220 V)","SINAPI","UN",{"v":1,"d":"1.00000000"},15.11,15.11]
["00012266","LUMINARIA SPOT DE SOBREPOR EM ALUMINIO COM ALETA PLASTICA PARA 1 LAMPADA, BASE E27, POTENCIA MAXIMA 40/60 W (NAO INCLUI LAMPADA)","SINAPI","UN",{"v":1,"d":"1.00000000"},119.66,119.66]
[{"$nulls":4},"TOTAL Material:",null,134.77]
["Mão de Obra com Encargos Complementares",null,"FONTE","UNID","COEFICIENTE","PREÇO UNITÁRIO","TOTAL"]
["88247","AUXILIAR DE ELETRICISTA COM ENCARGOS COMPLEMENTARES","SINAPI","H",{"v":0.1833,"d":"0.18330000"},20.44,3.74]
["88264","ELETRICISTA COM ENCARGOS COMPLEMENTARES","SINAPI","H",{"v":0.4518,"d":"0.45180000"},24.65,11.13]
[{"$nulls":4},"TOTAL Mão de Obra com Encargos Complementares:",null,14.87]
[{"$nulls":4},"VALOR:",null,149.64]
[{"$nulls":4},"VALOR ENCARGOS*:",null,"INCLUSO"]
[{"$nulls":4},"VALOR BDI (22.40%):",null,33.51]
[{"$nulls":4},"VALOR COM BDI:",null,183.15]
[]
["2.8.1. 100689 KIT DE PORTA DE MADEIRA FRISADA, SEMI-OCA (LEVE OU MÉDIA), PADRÃO MÉDIO, 80X210CM, ESPESSURA DE 3,5CM, ITENS INCLUSOS: DOBRADIÇAS, MONTAGEM E INSTALAÇÃO DE BATENTE, FECHADURA COM EXECUÇÃO DO FURO - FORNECIMENTO E INSTALAÇÃO. AF_12/2019 (UN)"]
["Serviço",null,"FONTE","UNID","COEFICIENTE","PREÇO UNITÁRIO","TOTAL"]
["100659","ALIZAR DE 5X1,5CM PARA PORTA FIXADO COM PREGOS, PADRÃO MÉDIO - FORNECIMENTO E INSTALAÇÃO. AF_12/2019","SINAPI","M",{"v":10,"d":"10.00000000"},9.67,{"v":96.7,"d":"96.70"}]
["90806","BATENTE PARA PORTA DE MADEIRA, FIXAÇÃO COM ARGAMASSA, PADRÃO MÉDIO - FORNECIMENTO E INSTALAÇÃO. AF_12/2019","SINAPI","UN",{"v":1,"d":"1.00000000"},347.85,347.85]
["90830","FECHADURA DE EMBUTIR COM CILINDRO, EXTERNA, COMPLETA, ACABAMENTO PADRÃO MÉDIO, INCLUSO EXECUÇÃO DE FURO - FORNECIMENTO E INSTALAÇÃO. AF_12/2019","SINAPI","UN",{"v":1,"d":"1.00000000"},152.66,152.66]
["91297","PORTA DE MADEIRA FRISADA, SEMI-OCA (LEVE OU MÉDIA), 80X210CM, ESPESSURA DE 3,5CM, INCLUSO DOBRADIÇAS - FORNECIMENTO E INSTALAÇÃO. AF_12/2019","SINAPI","UN",{"v":1,"d":"1.00000000"},401.99,401.99]
[{"$nulls":4},"TOTAL Serviço:",null,{"v":999.2,"d":"999.20"}]
[{"$nulls":4},"VALOR:",null,{"v":999.2,"d":"999.20"}]
[{"$nulls":4},"VALOR ENCARGOS*:",null,"INCLUSO"]
[{"$nulls":4},"VALOR BDI (22.40%):",null,223.82]
[{"$nulls":4},"VALOR COM BDI:",null,{"v":1223.02,"d":"1,223.02"}]
[]
["2.9.1. 96486 FORRO EM RÉGUAS DE PVC, LISO, PARA AMBIENTES COMERCIAIS, INCLUSIVE ESTRUTURA BIDIRECIONAL DE FIXAÇÃO. AF_08/2023_PS (M2)"]
["Material",null,"FONTE","UNID","COEFICIENTE","PREÇO UNITÁRIO","TOTAL"]
["00043131","ARAME GALVANIZADO 6 BWG, D = 5,16 MM (0,157 KG/M), OU 8 BWG, D = 4,19 MM (0,101 KG/M), OU 10 BWG, D = 3,40 MM (0,0713 KG/M)","SINAPI","KG",{"v":0.037,"d":"0.03700000"},31.15,1.15]
["00036225","FORRO DE PVC LISO, BRANCO, REGUA DE 20 CM, ESPESSURA DE 8 MM A 10 MM, COMPRIMENTO 6 M (SEM COLOCACAO)","SINAPI","M2",{"v":1.0363,"d":"1.03630000"},24.33,25.21]
["00039443","PARAFUSO DRY WALL, EM ACO ZINCADO, CABECA LENTILHA E PONTA BROCA (LB), LARGURA 4,2 MM, COMPRIMENTO 13 MM","SINAPI","UN",{"v":2.2134,"d":"2.21340000"},0.23,{"v":0.5,"d":"0.50"}]
["00040547","PARAFUSO ZINCADO, AUTOBROCANTE, FLANGEADO, 4,2 MM X 19 MM","SINAPI","CENTO",{"v":0.0123,"d":"0.01230000"},26.27,0.32]
["00040552","PARAFUSO, AUTO ATARRACHANTE, CABECA CHATA, FENDA SIMPLES, 1/4\" (6,35 MM) X 25 MM","SINAPI","CENTO",{"v":0.0336,"d":"0.03360000"},45.04,1.51]
["00039430","PENDURAL OU PRESILHA REGULADORA, EM ACO GALVANIZADO, COM CORPO, MOLA E REBITE, PARA PERFIL TIPO CANALETA DE ESTRUTURA EM FORROS DRYWALL","SINAPI","UN",{"v":1.2267,"d":"1.22670000"},1.63,1.99]
["00039427","PERFIL CANALETA, FORMATO C, EM ACO ZINCADO, PARA ESTRUTURA FORRO DRYWALL, E = 0,5 MM, *46 X 18* (L X H), COMPRIMENTO 3 M","SINAPI","M",{"v":3.547,"d":"3.54700000"},4.36,15.46]
[{"$nulls":4},"TOTAL Material:",null,46.14]
["Mão de Obra com Encargos Complementares",null,"FONTE","UNID","COEFICIENTE","PREÇO UNITÁRIO","TOTAL"]
["88278","MONTADOR DE ESTRUTURA METÁLICA COM ENCARGOS COMPLEMENTARES","SINAPI","H",{"v":0.6,"d":"0.60000000"},18.41,11.04]
[{"$nulls":4},"TOTAL Mão de Obra com Encargos Complementares:",null,11.04]
[{"$nulls":4},"VALOR:",null,57.18]
[{"$nulls":4},"VALOR ENCARGOS*:",null,"INCLUSO"]
[{"$nulls":4},"VALOR BDI (22.40%):",null,{"v":12.8,"d":"12.80"}]
[{"$nulls":4},"VALOR COM BDI:",null,69.98]
[]
["3.1. RT-25 Revisão em cobertura com telha de fibrocimento ondulada 6mm ADAPTADOORSE (265) (m2)"]
["Material",null,"FONTE","UNID","COEFICIENTE","PREÇO UNITÁRIO","TOTAL"]
["00004433","CAIBRO NAO APARELHADO *6 X 6* CM, EM MACARANDUBA/MASSARANDUBA, ANGELIM OU EQUIVALENTE DA REGIAO - BRUTA","SINAPI","M",{"v":0.675,"d":"0.67500000"},19.78,13.35]
["00004310","FIXADOR DE ABA AUTOTRAVANTE PARA TELHA DE FIBROCIMENTO, TIPO CANALETE 90 OU KALHETAO","SINAPI","UN",{"v":0.45,"d":"0.45000000"},3.38,1.52]
["00005067","PREGO DE ACO POLIDO COM CABECA 16 X 24 (2 1/4 X 12)","SINAPI","KG",{"v":0.002,"d":"0.00200000"},20.88,0.04]
["00007194","TELHA DE FIBROCIMENTO ONDULADA E = 6 MM, DE 2,44 X 1,10 M (SEM AMIANTO)","SINAPI","M2",{"v":0.257,"d":"0.25700000"},33.26,8.55]
[{"$nulls":4},"TOTAL Material:",null,23.46]
["Mão de Obra com Encargos Complementares",null,"FONTE","UNID","COEFICIENTE","PREÇO UNITÁRIO","TOTAL"]
["88309","PEDREIRO COM ENCARGOS COMPLEMENTARES","SINAPI","H",{"v":0.257,"d":"0.25700000"},24.31,6.25]
["88316","SERVENTE COM ENCARGOS COMPLEMENTARES","SINAPI","H",{"v":0.126,"d":"0.12600000"},19.27,2.43]
[{"$nulls":4},"TOTAL Mão de Obra com Encargos Complementares:",null,8.68]
[{"$nulls":4},"VALOR:",null,32.14]
[{"$nulls":4},"VALOR ENCARGOS*:",null,"INCLUSO"]
[{"$nulls":4},"VALOR BDI (22.40%):",null,7.19]
[{"$nulls":4},"VALOR COM BDI:",null,39.33]
[]
["3.2. S09434 Rufo em chapa aço galvanizado nº24 com desenvolvimento 25cm (m)"]
["Encargos Complementares",null,"FONTE","UNID","COEFICIENTE","PREÇO UNITÁRIO","TOTAL"]
["S10550","Encargos Complementares - Pedreiro","ORSE","h",0.23625108,3.72,0.88]
["S10549","Encargos Complementares - Servente","ORSE","h",0.23625108,3.82,{"v":0.9,"d":"0.90"}]
[{"$nulls":4},"TOTAL Encargos Complementares:",null,1.78]
["Material",null,"FONTE","UNID","COEFICIENTE","PREÇO UNITÁRIO","TOTAL"]
["I05061S","Prego de aco polido com cabeca 18 x 27 (2 1/2 x 10)","ORSE","kg",0.09450043,16.13,1.52]
["I01116S","Rufo externo de chapa de aco galvanizada num 26, corte 25 cm","ORSE","m",0.99270929,21.75,21.59]
[{"$nulls":4},"TOTAL Material:",null,23.11]
["Mão de Obra",null,"FONTE","UNID","COEFICIENTE","PREÇO UNITÁRIO","TOTAL"]
["00004750","PEDREIRO (HORISTA)","SINAPI","H",0.23625108,18.64,{"v":4.4,"d":"4.40"}]
["00006111","SERVENTE DE OBRAS (HORISTA)","SINAPI","H",0.23625108,13.84,3.27]
[{"$nulls":4},"TOTAL Mão de Obra:",null,7.67]
[{"$nulls":4},"VALOR:",null,32.56]
[{"$nulls":4},"VALOR ENCARGOS*:",null,"INCLUSO"]
[{"$nulls":4},"VALOR BDI (22.40%):",null,7.29]
[{"$nulls":4},"VALOR COM BDI:",null,39.85]
[]
["3.3. S12841 Manta de polietileno expandido, com 1 face metalizada para subcobertura,  e = *5* mm (m2)"]
["Encargos Complementares",null,"FONTE","UNID","COEFICIENTE","PREÇO UNITÁRIO","TOTAL"]
["S10551","Encargos Complementares - Carpinteiro","ORSE","h",{"v":0.2,"d":"0.20000000"},3.71,0.74]
["S10549","Encargos Complementares - Servente","ORSE","h",{"v":0.2,"d":"0.20000000"},3.82,0.76]
[{"$nulls":4},"TOTAL Encargos Complementares:",null,{"v":1.5,"d":"1.50"}]
["Material",null,"FONTE","UNID","COEFICIENTE","PREÇO UNITÁRIO","TOTAL"]
["I42529S","Fita adesiva aluminizada, para instalacao de mantas de subcobertura,  l = *5* cm","ORSE","m",{"v":0.88,"d":"0.88000000"},{"v":1.3,"d":"1.30"},1.14]
["I42527S","Manta de polietileno expandido, com 1 face metalizada para subcobertura,  e = *5* mm","ORSE","m2",{"v":1.1,"d":"1.10000000"},23.17,25.49]
[{"$nulls":4},"TOTAL Material:",null,26.63]
["Mão de Obra",null,"FONTE","UNID","COEFICIENTE","PREÇO UNITÁRIO","TOTAL"]
["00001213","CARPINTEIRO DE FORMAS (HORISTA)","SINAPI","H",{"v":0.2,"d":"0.20000000"},18.64,3.73]
["00006111","SERVENTE DE OBRAS (HORISTA)","SINAPI","H",{"v":0.2,"d":"0.20000000"},13.84,2.77]
[{"$nulls":4},"TOTAL Mão de Obra:",null,{"v":6.5,"d":"6.50"}]
[{"$nulls":4},"VALOR:",null,34.63]
[{"$nulls":4},"VALOR ENCARGOS*:",null,"INCLUSO"]
[{"$nulls":4},"VALOR BDI (22.40%):",null,7.75]
[{"$nulls":4},"VALOR COM BDI:",null,42.38]
[]
["3.4. S08637 Chapim de concreto pré-moldado (m)"]
["Material",null,"FONTE","UNID","COEFICIENTE","PREÇO UNITÁRIO","TOTAL"]
["I00081","Aço ca-50   6,3 a 12,5 mm","ORSE","kg",0.78777169,{"v":8.5,"d":"8.50"},{"v":6.7,"d":"6.70"}]
[{"$nulls":4},"TOTAL Material:",null,{"v":6.7,"d":"6.70"}]
["Serviço",null,"FONTE","UNID","COEFICIENTE","PREÇO UNITÁRIO","TOTAL"]
["S00127","Concreto simples usinado fck=21mpa, bombeado, lançado e adensado em superestrutura","ORSE","m3",0.00983261,526.87,5.18]
["S11640","Forma plana para estruturas, em compensado plastificado de 10mm, 02 usos, inclusive escoramento - Revisada 07.2015","ORSE","m2",{"v":0.3441414,"d":"0.34414140"},109.41,37.65]
[{"$nulls":4},"TOTAL Serviço:",null,42.83]
[{"$nulls":4},"VALOR:",null,49.53]
[{"$nulls":4},"VALOR ENCARGOS*:",null,"INCLUSO"]
[{"$nulls":4},"VALOR BDI (22.40%):",null,11.09]
[{"$nulls":4},"VALOR COM BDI:",null,60.62]

{"sheet":"CRONOGRAMA","index":3,"n_rows":10,"n_cols":6,"rows_kept":10,"merged":[[0,0,0,6],[2,0,3,0],[2,1,3,1],[2,2,3,2],[4,0,5,0],[4,1,5,1],[4,2,5,2],[6,0,7,0],[6,1,7,1],[6,2,7,2],[8,2,9,2],[8,5,9,5]]}
[]
["ITEM","DESCRIÇÃO","VALOR (R$)","MÊS 1","MÊS 2","Total parcela"]
["1","AREA EXTERNA",{"v":80326.27,"d":"80,326.27"},{"v":0.2,"d":"20.00%"},{"v":0.8,"d":"80.00%"},{"v":1,"d":"100.00%"}]
[{"$nulls":3},{"v":16065.25,"d":"16,065.25"},{"v":64261.02,"d":"64,261.02"},{"v":80326.27,"d":"80,326.27"}]
["2","SALA NOVA",{"v":21775.8,"d":"21,775.80"},{"v":1,"d":"100.00%"},null,{"v":1,"d":"100.00%"}]
[{"$nulls":3},{"v":21775.8,"d":"21,775.80"},null,{"v":21775.8,"d":"21,775.80"}]
["3","REVISÃO DE COBERTA",{"v":13001.58,"d":"13,001.58"},{"v":1,"d":"100.00%"},null,{"v":1,"d":"100.00%"}]
[{"$nulls":3},{"v":13001.58,"d":"13,001.58"},null,{"v":13001.58,"d":"13,001.58"}]
[null,null,{"v":115103.65,"d":"115,103.65"},{"v":50842.63,"d":"50,842.63"},{"v":64261.02,"d":"64,261.02"},{"v":115103.65,"d":"115,103.65"}]
[{"$nulls":3},{"v":50842.63,"d":"50,842.63"},{"v":115103.65,"d":"115,103.65"}]

{"sheet":"BDI","index":4,"n_rows":24,"n_cols":3,"rows_kept":24,"merged":[[0,0,0,3],[1,1,1,3],[3,1,3,2],[8,1,8,2],[9,1,9,2],[15,1,15,2],[16,1,16,2],[22,1,22,2],[23,1,23,2],[24,1,24,2]]}
[]
[null,"\n"]
["COD","DESCRIÇÃO","%"]
[]
[null,"Benefício"]
["S + G","Garantia/seguros",{"v":0.8,"d":"0.80"}]
["L","Lucro",7.99]
[null,"TOTAL",{"v":8.790000000000001,"d":"8.79"}]
[null,"\n"]
[]
[null,"Despesas Indiretas"]
["AC","Administração central",{"v":4,"d":"4.00"}]
["DF","Despesas financeiras",1.36]
["R","Riscos",1.26]
[null,"TOTAL",6.62]
[null,"\n"]
[]
["I","Impostos"]
[null,"COFINS",{"v":3,"d":"3.00"}]
[null,"ISS",{"v":1.5,"d":"1.50"}]
[null,"PIS",0.65]
[null,"TOTAL",5.15]
[null,"\n"]
[null,"BDI = 22,40%"]

{"sheet":"ENCARGOS SOCIAIS","index":5,"n_rows":85,"n_cols":5,"rows_kept":85,"merged":[[0,0,0,6],[1,1,1,4],[2,2,2,3],[2,4,2,5],[3,1,3,2],[5,2,5,3],[5,4,5,5],[6,2,6,3],[6,4,6,5],[7,2,7,3],[7,4,7,5],[8,2,8,3],[8,4,8,5],[9,2,9,3],[9,4,9,5],[10,2,10,3],[10,4,10,5],[11,2,11,3],[11,4,11,5],[12,2,12,3],[12,4,12,5],[13,2,13,3],[13,4,13,5],[14,2,14,3],[14,4,14,5],[15,1,15,2],[17,2,17,3],[17,4,17,5],[18,2,18,3],[18,4,18,5],[19,2,19,3],[19,4,19,5],[20,2,20,3],[20,4,20,5],[21,2,21,3],[21,4,21,5],[22,2,22,3],[22,4,22,5],[23,2,23,3],[23,4,23,5],[24,2,24,3],[24,4,24,5],[25,2,25,3],[25,4,25,5],[26,2,26,3],[26,4,26,5],[27,2,27,3],[27,4,27,5],[28,1,28,2],[30,2,30,3],[30,4,30,5],[31,2,31,3],[31,4,31,5],[32,2,32,3],[32,4,32,5],[33,2,33,3],[33,4,33,5],[34,2,34,3],[34,4,34,5],[35,2,35,3],[35,4,35,5],[36,1,36,2],[38,2,38,3],[38,4,38,5],[39,2,39,3],[39,4,39,5],[40,2,40,3],[40,4,40,5],[41,1,41,3],[42,2,42,3],[42,4,42,5],[43,1,43,4],[44,2,44,3],[44,4,44,5],[45,1,45,2],[47,2,47,3],[47,4,47,5],[48,2,48,3],[48,4,48,5],[49,2,49,3],[49,4,49,5],[50,2,50,3],[50,4,50,5],[51,2,51,3],[51,4,51,5],[52,2,52,3],[52,4,52,5],[53,2,53,3],[53,4,53,5],[54,2,54,3],[54,4,54,5],[55,2,55,3],[55,4,55,5],[56,2,56,3],[56,4,56,5],[57,1,57,2],[59,2,59,3],[59,4,59,5],[60,2,60,3],[60,4,60,5],[61,2,61,3],[61,4,61,5],[62,2,62,3],[62,4,62,5],[63,2,63,3],[63,4,63,5],[64,2,64,3],[64,4,64,5],[65,2,65,3],[65,4,65,5],[66,2,66,3],[66,4,66,5],[67,2,67,3],[67,4,67,5],[68,2,68,3],[68,4,68,5],[69,2,69,3],[69,4,69,5],[70,1,70,2],[72,2,72,3],[72,4,72,5],[73,2,73,3],[73,4,73,5],[74,2,74,3],[74,4,74,5],[75,2,75,3],[75,4,75,5],[76,2,76,3],[76,4,76,5],[77,2,77,3],[77,4,77,5],[78,1,78,2],[80,2,80,3],[80,4,80,5],[81,2,81,3],[81,4,81,5],[82,2,82,3],[82,4,82,5],[83,1,83,3],[84,2,84,3],[84,4,84,5]]}
[]
[null,"\n"]
["COD","DESCRIÇÃO","HORISTA %",null,"MENSALISTA %"]
[null,"\n"]
["A","GRUPO A"]
["A1","INSS ",{"v":20,"d":"20.00"},null,{"v":20,"d":"20.00"}]
["A2","SESI ",{"v":1.5,"d":"1.50"},null,{"v":1.5,"d":"1.50"}]
["A3","SENAI ",{"v":1,"d":"1.00"},null,{"v":1,"d":"1.00"}]
["A4","INCRA ",{"v":0.2,"d":"0.20"},null,{"v":0.2,"d":"0.20"}]
["A5","SEBRAE ",{"v":0.6,"d":"0.60"},null,{"v":0.6,"d":"0.60"}]
["A6","Salário Educação ",{"v":2.5,"d":"2.50"},null,{"v":2.5,"d":"2.50"}]
["A7","Seguro Contra Acidentes de Trabalho ",{"v":3,"d":"3.00"},null,{"v":3,"d":"3.00"}]
["A8","FGTS ",{"v":8,"d":"8.00"},null,{"v":8,"d":"8.00"}]
["A9","SECONCI ",{"v":0,"d":"0.00"},null,{"v":0,"d":"0.00"}]
[null,"TOTAL",{"v":36.8,"d":"36.80"},null,{"v":36.8,"d":"36.80"}]
[null,"\n"]
["B","GRUPO B"]
["B1","Repouso Semanal Remunerado ",18.03,null,{"v":0,"d":"0.00"}]
["B2","Feriados ",4.31,null,{"v":0,"d":"0.00"}]
["B3","Auxílio - Enfermidade ",0.85,null,0.64]
["B4","13º Salário ",11.06,null,8.33]
["B5","Licença Paternidade ",0.06,null,0.04]
["B6","Faltas Justificadas ",0.74,null,0.56]
["B7","Dias de Chuvas ",2.06,null,{"v":0,"d":"0.00"}]
["B8","Auxílio Acidente de Trabalho ",{"v":0.1,"d":"0.10"},null,0.08]
["B9","Férias Gozadas ",11.29,null,8.51]
["B10","Salário Maternidade ",0.04,null,0.03]
[null,"TOTAL",{"v":48.540000000000006,"d":"48.54"},null,18.19]
[null,"\n"]
["C","GRUPO C"]
["C1","Aviso Prévio Indenizado ",4.57,null,3.45]
["C2","Aviso Prévio Trabalhado ",0.11,null,0.08]
["C3","Férias Indenizadas ",3.31,null,{"v":2.5,"d":"2.50"}]
["C4","Depósito Rescisão Sem Justa Causa ",2.61,null,1.96]
["C5","Indenização Adicional ",0.38,null,0.29]
[null,"TOTAL",10.98,null,8.28]
[null,"\n"]
["D","GRUPO D"]
["D1","Reincidência de Grupo A sobre Grupo B ",17.86,null,6.69]
["D2","Reincidência de Grupo A sobre Aviso Prévio Trabalhado e Reincidência do FGTS sobre Aviso Prévio Indenizado ",0.41,null,0.31]
[null,"TOTAL",18.27,null,{"v":7,"d":"7.00"}]
[null,"\n"]
[null,"A + B + C + D =",114.59,null,70.27]
[null,"\n"]
["COD","DESCRIÇÃO","HORISTA %",null,"MENSALISTA %"]
[null,"\n"]
["A","GRUPO A"]
["A1","INSS ",{"v":20,"d":"20.00"},null,{"v":20,"d":"20.00"}]
["A2","SESI ",{"v":1.5,"d":"1.50"},null,{"v":1.5,"d":"1.50"}]
["A3","SENAI ",{"v":1,"d":"1.00"},null,{"v":1,"d":"1.00"}]
["A4","INCRA ",{"v":0.2,"d":"0.20"},null,{"v":0.2,"d":"0.20"}]
["A5","SEBRAE ",{"v":0.6,"d":"0.60"},null,{"v":0.6,"d":"0.60"}]
["A6","Salário Educação ",{"v":2.5,"d":"2.50"},null,{"v":2.5,"d":"2.50"}]
["A7","Seguro Contra Acidentes de Trabalho ",{"v":3,"d":"3.00"},null,{"v":3,"d":"3.00"}]
["A8","FGTS ",{"v":8,"d":"8.00"},null,{"v":8,"d":"8.00"}]
["A9","SECONCI ",{"v":0,"d":"0.00"},null,{"v":0,"d":"0.00"}]
[null,"TOTAL",{"v":36.8,"d":"36.80"},null,{"v":36.8,"d":"36.80"}]
[null,"\n"]
["B","GRUPO B"]
["B1","Repouso Semanal Remunerado ",17.87,null,{"v":0,"d":"0.00"}]
["B2","Feriados ",3.93,null,{"v":0,"d":"0.00"}]
["B3","Auxílio - Enfermidade ",0.85,null,0.64]
["B4","13º Salário ",10.98,null,8.33]
["B5","Licença Paternidade ",0.06,null,0.04]
["B6","Faltas Justificadas ",0.73,null,0.56]
["B7","Dias de Chuvas ",1.51,null,{"v":0,"d":"0.00"}]
["B8","Auxílio Acidente de Trabalho ",{"v":0.1,"d":"0.10"},null,0.08]
["B9","Férias Gozadas ",11.37,null,8.64]
["B10","Salário Maternidade ",0.04,null,0.03]
[null,"TOTAL",47.44,null,18.32]
[null,"\n"]
["C","GRUPO C"]
["C1","Aviso Prévio Indenizado ",4.83,null,3.67]
["C2","Aviso Prévio Trabalhado ",0.11,null,0.09]
["C3","Férias Indenizadas ",2.35,null,1.79]
["C4","Depósito Rescisão Sem Justa Causa ",2.71,null,2.06]
["C5","Indenização Adicional ",0.41,null,0.31]
[null,"TOTAL",10.41,null,{"v":7.919999999999999,"d":"7.92"}]
[null,"\n"]
["D","GRUPO D"]
["D1","Reincidência de Grupo A sobre Grupo B ",17.46,null,6.74]
["D2","Reincidência de Grupo A sobre Aviso Prévio Trabalhado e Reincidência do FGTS sobre Aviso Prévio Indenizado ",0.43,null,0.33]
[null,"TOTAL",17.89,null,7.07]
[null,"\n"]
[null,"A + B + C + D =",112.54,null,70.11]